{"text_format":"1","workbook":"xlsx","n_sheets":15,"sheets":["1A","1B","1C","1D","2A","2B","2C","2D","4A","4B","4C","4D","5A","5B","5C"],"not_rendered":{"charts":0,"images":0,"macros":1,"external_links":0,"defined_names":15,"comments":0,"pivot_tables":0},"unopened":[],"bounds":{"document_bytes":16777216,"sheet_cells":100000,"rows_first":2000,"rows_last":500,"rows_between":2000,"halvings":0,"cell_chars":16384,"cell_head_chars":4096},"cells_cut":0,"cells_raw":0,"read":"whole","date_system":"1900"}

{"sheet":"1A","index":0,"n_rows":36,"n_cols":26,"rows_kept":36,"cut":false,"hidden":false,"merged":[[0,0,0,25],[4,0,7,0],[4,14,7,14],[4,15,7,15],[4,16,7,16],[4,17,7,17],[4,18,7,18],[4,19,7,19],[4,20,7,20],[4,21,7,21],[4,22,7,22],[4,23,7,23],[4,24,7,24],[4,25,7,25],[9,0,12,0],[9,14,12,14],[9,15,12,15],[9,16,12,16],[9,17,12,17],[9,18,12,18],[9,25,12,25],[14,0,17,0],[14,14,17,14],[14,15,17,15],[14,16,17,16],[14,17,17,17],[14,18,17,18],[14,19,17,19],[14,20,17,20],[14,21,17,21],[9,19,12,19],[9,20,12,20],[9,21,12,21],[9,22,12,22],[9,23,12,23],[9,24,12,24],[14,22,17,22],[14,23,17,23],[14,24,17,24],[14,25,17,25],[19,0,22,0],[19,14,22,14],[19,15,22,15],[19,16,22,16],[19,17,22,17],[19,18,22,18],[19,25,22,25],[24,0,27,0],[24,14,27,14],[24,15,27,15],[24,16,27,16],[24,17,27,17],[24,18,27,18],[24,19,27,19],[24,20,27,20],[24,21,27,21],[19,19,22,19],[19,20,22,20],[19,21,22,21],[19,22,22,22],[19,23,22,23],[19,24,22,24],[24,22,27,22],[24,23,27,23],[24,24,27,24],[24,25,27,25],[29,0,32,0],[29,14,32,14],[29,15,32,15],[29,16,32,16],[29,17,32,17],[35,2,35,7],[35,9,35,15],[35,16,35,17],[35,18,35,23],[29,19,32,19],[29,20,32,20],[29,21,32,21],[29,22,32,22],[29,23,32,23],[29,25,32,25],[34,2,34,7],[34,9,34,15],[34,16,34,17],[34,18,34,23],[29,24,32,24],[29,18,32,18]]}
["2023-2024 FALL - FIZ 101EL LABORATORY LIST"]
[null,null,null,"Laboratory Section : ","Pazartesi",null,"0930/1129",null,null,null,null,null,null,null,null,null,"CRN :",10428,null,10429,null,10430,null,10431]
[null,null,null,"Laboratory Asistant : ","MERT ŞULAM"]
["SET",1,2,3,4,5,6,7,8,9,10,11,12,13,"2023-10-16","2023-10-23","2023-10-30","2023-11-06","2023-11-13","2023-11-20","2023-11-27","2023-12-04","2023-12-11","2023-12-18","2023-12-25","2023-01-01"]
["Student ID",10210112,10220092,10220422,10230912,30220047,40200107,40210634,40220108,50200328,60210315,60220045,70220011,70230303,"Exp. 1\nL2 F1",null,"Exp. 2\nL2 F4",null,"Exp. 3\nL2 F5",null,"Exp. 4\nL2 F1",null,"Exp. 5\nL2 F4",null,"Exp. 6\nL2 F5"]
[null,10220009,10220141,10220433,30210152,30220165,40210329,40210802,40220203,50200351,60210805,60220113,70220299,80220119]
[null,10220047,10220228,10220628,30210171,30230103,40210519,40220089,40220427,50220119,60220029,70210083,70220716]
[]
["SET",1,2,3,4,5,6,7,8,9,10,11,12,13,"2023-10-16","2023-10-23","2023-10-30","2023-11-06","2023-11-13","2023-11-20","2023-11-27","2023-12-04","2023-12-11","2023-12-18","2023-12-25","2023-01-01"]
["Student ID",90180335,110210152,110220020,110220123,140210016,140220060,10210733,10220326,10220359,10220646,10220946,30220007,null,null,"Exp. 1\nL2 F1",null,"Exp. 2\nL2 F4",null,"Exp. 3\nL2 F5",null,"Exp. 4\nL2 F1",null,"Exp. 5\nL2 F4",null,"Exp. 6\nL2 F5"]
[null,90220317,110210729,110220032,110230034,140220047,150220078,10220182,10220340,10220606,10220656,10230210,30220029]
[null,90220318,110220014,110220065,110230727,140220054,10210118,10220241,10220358,10220629,10220661,10230412,30220051]
[]
["SET",1,2,3,4,5,6,7,8,9,10,11,12,13,"2023-10-16","2023-10-23","2023-10-30","2023-11-06","2023-11-13","2023-11-20","2023-11-27","2023-12-04","2023-12-11","2023-12-18","2023-12-25","2023-01-01"]
["Student ID",30220077,30230149,40230011,40230412,50210814,60220230,70220254,80220152,90230020,110220151,140220055,150220072,10210804,"Exp. 2\nL2 F4",null,"Exp. 3\nL2 F5",null,"Exp. 1\nL2 F1",null,"Exp. 5\nL2 F4",null,"Exp. 6\nL2 F5",null,"Exp. 4\nL2 F1"]
[null,30220132,40220322,40230034,40230502,50220022,70220008,70220305,80230003,110220134,110220232,150220052,150220073,10220024]
[null,30220200,40220804,40230066,50210447,60220020,70220128,70220308,90220039,110220136,140220029,150220067,150220329]
[]
["SET",1,2,3,4,5,6,7,8,9,10,11,12,13,"2023-10-16","2023-10-23","2023-10-30","2023-11-06","2023-11-13","2023-11-20","2023-11-27","2023-12-04","2023-12-11","2023-12-18","2023-12-25","2023-01-01"]
["Student ID",10220089,10220615,10220641,30220144,30230007,40220071,40220716,50210006,50220356,60220057,60220235,70220242,null,null,"Exp. 2\nL2 F4",null,"Exp. 3\nL2 F5",null,"Exp. 1\nL2 F1",null,"Exp. 5\nL2 F4",null,"Exp. 6\nL2 F5",null,"Exp. 4\nL2 F1"]
[null,10220094,10220631,30220103,30220147,30230099,40220101,40220727,50210409,50220428,60220131,60220316,70230156]
[null,10220102,10220636,30220121,30220189,30230724,40220640,40220755,50220304,60220053,60220181,60220349]
[]
["SET",1,2,3,4,5,6,7,8,9,10,11,12,13,"2023-10-16","2023-10-23","2023-10-30","2023-11-06","2023-11-13","2023-11-20","2023-11-27","2023-12-04","2023-12-11","2023-12-18","2023-12-25","2023-01-01"]
["Student ID",80210058,90220306,110220126,140220010,140220043,150220038,10210318,10220167,10220958,30220110,30220172,30230719,40220232,"Exp. 3\nL2 F5",null,"Exp. 1\nL2 F1",null,"Exp. 2\nL2 F4",null,"Exp. 6\nL2 F5",null,"Exp. 4\nL2 F1",null,"Exp. 5\nL2 F4"]
[null,80230718,90220728,110220141,140220022,140220057,150220084,10210658,10220239,30220064,30220117,30220187,40220011,40220508]
[null,90210050,110220048,110230914,140220025,140220801,150230035,10220133,10220249,30220104,30220157,30220208,40220068]
[]
["SET",1,2,3,4,5,6,7,8,9,10,11,12,13,"2023-10-16","2023-10-23","2023-10-30","2023-11-06","2023-11-13","2023-11-20","2023-11-27","2023-12-04","2023-12-11","2023-12-18","2023-12-25","2023-01-01"]
["Student ID",40220509,40230013,50220028,50230007,60220357,70210265,70220146,80220051,110210110,110220045,110220245,150220079,null,null,"Exp. 3\nL2 F5",null,"Exp. 1\nL2 F1",null,"Exp. 2\nL2 F4",null,"Exp. 6\nL2 F5",null,"Exp. 4\nL2 F1",null,"Exp. 5\nL2 F4"]
[null,40220554,40230303,50220139,60220146,60230106,70210269,70220235,80220118,110210153,110220105,140210020,150220094]
[null,40220562,50130808,50220429,60220336,60230310,70220103,70230050,90220343,110210268,110220122,140220036,30220142]
[]
[]
[null,"Exp 1:","Basic Measurements and Physical Pendulum",null,null,null,null,null,"Exp 3:","Motion with Constant Acceleration",null,null,null,null,null,null,"Exp. 5 :",null,"Moment of Inertia"]
[null,"Exp 2:","Projectile Motion and Elastic Collision",null,null,null,null,null,"Exp 4:","Centripetal Acceleration",null,null,null,null,null,null,"Exp. 6 :",null,"Simple Harmonic Motion"]

{"sheet":"1B","index":1,"n_rows":36,"n_cols":26,"rows_kept":36,"cut":false,"hidden":false,"merged":[[0,0,0,25],[4,0,7,0],[4,14,7,14],[4,15,7,15],[4,16,7,16],[4,17,7,17],[4,18,7,18],[4,19,7,19],[4,20,7,20],[4,21,7,21],[4,22,7,22],[4,23,7,23],[4,24,7,24],[4,25,7,25],[9,0,12,0],[9,14,12,14],[9,15,12,15],[9,16,12,16],[9,17,12,17],[9,18,12,18],[9,25,12,25],[14,0,17,0],[14,14,17,14],[14,15,17,15],[14,16,17,16],[14,17,17,17],[14,18,17,18],[14,19,17,19],[14,20,17,20],[14,21,17,21],[9,19,12,19],[9,20,12,20],[9,21,12,21],[9,22,12,22],[9,23,12,23],[9,24,12,24],[14,22,17,22],[14,23,17,23],[14,24,17,24],[14,25,17,25],[19,0,22,0],[19,14,22,14],[19,15,22,15],[19,16,22,16],[19,17,22,17],[19,18,22,18],[19,25,22,25],[24,0,27,0],[24,14,27,14],[24,15,27,15],[24,16,27,16],[24,17,27,17],[24,18,27,18],[24,19,27,19],[24,20,27,20],[24,21,27,21],[19,19,22,19],[19,20,22,20],[19,21,22,21],[19,22,22,22],[19,23,22,23],[19,24,22,24],[24,22,27,22],[24,23,27,23],[24,24,27,24],[24,25,27,25],[29,0,32,0],[29,14,32,14],[29,15,32,15],[29,16,32,16],[29,17,32,17],[35,2,35,7],[35,9,35,15],[35,16,35,17],[35,18,35,23],[29,19,32,19],[29,20,32,20],[29,21,32,21],[29,22,32,22],[29,23,32,23],[29,25,32,25],[34,2,34,7],[34,9,34,15],[34,16,34,17],[34,18,34,23],[29,24,32,24],[29,18,32,18]]}
["2023-2024 FALL - FIZ 101EL LABORATORY LIST"]
[null,null,null,"Laboratory Section : ","Pazartesi",null,"1130/1329",null,null,null,null,null,null,null,null,null,"CRN :",10452,null,10453,null,10454,null,10455]
[null,null,null,"Laboratory Asistant : ","Berfu Şenışık"]
["SET",1,2,3,4,5,6,7,8,9,10,11,12,13,"2023-10-16","2023-10-23","2023-10-30","2023-11-06","2023-11-13","2023-11-20","2023-11-27","2023-12-04","2023-12-11","2023-12-18","2023-12-25","2023-01-01"]
["Student ID",10190322,10210567,10220522,30210177,40190067,40220314,50190026,50190809,50220142,60220245,70200044,70220070,70220286,"Exp. 1\nL2 F1",null,"Exp. 2\nL2 F4",null,"Exp. 3\nL2 F5",null,"Exp. 4\nL2 F1",null,"Exp. 5\nL2 F4",null,"Exp. 6\nL2 F5"]
[null,10190507,10210947,10220802,30220106,40220024,40220354,50190241,50210241,60210213,60230706,70210118,70220153,70220734]
[null,10210016,10220263,10230737,30220112,40220100,40220618,50190327,50210425,60220133,70200007,70210137,70220277,70220739]
[]
["SET",1,2,3,4,5,6,7,8,9,10,11,12,13,"2023-10-16","2023-10-23","2023-10-30","2023-11-06","2023-11-13","2023-11-20","2023-11-27","2023-12-04","2023-12-11","2023-12-18","2023-12-25","2023-01-01"]
["Student ID",70220742,90220333,110220230,140220031,150220010,150220308,10210445,10220529,30220169,30220203,40230952,50220412,40200020,null,"Exp. 1\nL2 F1",null,"Exp. 2\nL2 F4",null,"Exp. 3\nL2 F5",null,"Exp. 4\nL2 F1",null,"Exp. 5\nL2 F4",null,"Exp. 6\nL2 F5"]
[null,80210014,110220108,140220006,150210099,150220030,10210253,10220109,10220566,30220194,40220016,50210048,50220413,10220538]
[null,80220011,110220129,140220009,150220007,150220040,10210324,10220325,10220614,30220197,40220392,50210148,60220056,60220340]
[]
["SET",1,2,3,4,5,6,7,8,9,10,11,12,13,"2023-10-16","2023-10-23","2023-10-30","2023-11-06","2023-11-13","2023-11-20","2023-11-27","2023-12-04","2023-12-11","2023-12-18","2023-12-25","2023-01-01"]
["Student ID",60220104,60230035,70220062,70230218,80210047,80220070,80230154,90220324,90220733,90230746,110220207,140220027,10210035,"Exp. 2\nL2 F4",null,"Exp. 3\nL2 F5",null,"Exp. 1\nL2 F1",null,"Exp. 5\nL2 F4",null,"Exp. 6\nL2 F5",null,"Exp. 4\nL2 F1"]
[null,60220150,60230108,70220134,70230748,80220001,80220146,90220008,90220330,90230038,110220028,110220251,140230709,10210245]
[null,60220314,70220033,70230215,80210006,80220004,80230005,90220301,90220358,90230734,110220059,110230207,150230080]
[]
["SET",1,2,3,4,5,6,7,8,9,10,11,12,13,"2023-10-16","2023-10-23","2023-10-30","2023-11-06","2023-11-13","2023-11-20","2023-11-27","2023-12-04","2023-12-11","2023-12-18","2023-12-25","2023-01-01"]
["Student ID",10210635,10220530,10230008,30210106,40220452,50220020,50220302,60210321,60220151,70220141,70220920,70230208,10220609,null,"Exp. 2\nL2 F4",null,"Exp. 3\nL2 F5",null,"Exp. 1\nL2 F1",null,"Exp. 5\nL2 F4",null,"Exp. 6\nL2 F5",null,"Exp. 4\nL2 F1"]
[null,10220060,10220622,10230154,40220035,40230345,50220103,50220410,60220016,60230724,70220285,70230022,90170359,90230777]
[null,10220253,10220653,10230403,40220374,40230740,50220122,50220440,60220027,70210913,70220290,70230129,90210020,110220128]
[]
["SET",1,2,3,4,5,6,7,8,9,10,11,12,13,"2023-10-16","2023-10-23","2023-10-30","2023-11-06","2023-11-13","2023-11-20","2023-11-27","2023-12-04","2023-12-11","2023-12-18","2023-12-25","2023-01-01"]
["Student ID",90210304,90220359,90230732,110220031,140220051,150220080,10210142,10220175,10220405,10220504,10230147,30230074,40220201,"Exp. 3\nL2 F5",null,"Exp. 1\nL2 F1",null,"Exp. 2\nL2 F4",null,"Exp. 6\nL2 F5",null,"Exp. 4\nL2 F1",null,"Exp. 5\nL2 F4"]
[null,90220038,90220792,110210204,110220202,150220003,150220099,10220018,10220215,10220406,10220635,30220055,40220019,40220305]
[null,90220347,90230024,110210264,110220228,150220065,150220905,10220027,10220235,10220448,10220807,30220180,40220107]
[]
["SET",1,2,3,4,5,6,7,8,9,10,11,12,13,"2023-10-16","2023-10-23","2023-10-30","2023-11-06","2023-11-13","2023-11-20","2023-11-27","2023-12-04","2023-12-11","2023-12-18","2023-12-25","2023-01-01"]
["Student ID",40220333,50220063,50220433,60220222,60230751,70220326,80220052,90220339,90220740,110220209,110230713,150220056,null,null,"Exp. 3\nL2 F5",null,"Exp. 1\nL2 F1",null,"Exp. 2\nL2 F4",null,"Exp. 6\nL2 F5",null,"Exp. 4\nL2 F1",null,"Exp. 5\nL2 F4"]
[null,40220616,50220163,50230115,60220228,70220122,70220335,80220114,90220352,90220741,110220215,140220052,150230053,90210347]
[null,50210106,50220334,60220023,60220304,70220307,80220019,90220021,90220356,90230324,110220271,150220054,150230903]
[]
[]
[null,"Exp 1:","Basic Measurements and Physical Pendulum",null,null,null,null,null,"Exp 3:","Motion with Constant Acceleration",null,null,null,null,null,null,"Exp. 5 :",null,"Moment of Inertia"]
[null,"Exp 2:","Projectile Motion and Elastic Collision",null,null,null,null,null,"Exp 4:","Centripetal Acceleration",null,null,null,null,null,null,"Exp. 6 :",null,"Simple Harmonic Motion"]

{"sheet":"1C","index":2,"n_rows":36,"n_cols":26,"rows_kept":36,"cut":false,"hidden":false,"merged":[[0,0,0,25],[4,0,7,0],[4,14,7,14],[4,15,7,15],[4,16,7,16],[4,17,7,17],[4,18,7,18],[4,19,7,19],[4,20,7,20],[4,21,7,21],[4,22,7,22],[4,23,7,23],[4,24,7,24],[4,25,7,25],[9,0,12,0],[9,14,12,14],[9,15,12,15],[9,16,12,16],[9,17,12,17],[9,18,12,18],[9,25,12,25],[14,0,17,0],[14,14,17,14],[14,15,17,15],[14,16,17,16],[14,17,17,17],[14,18,17,18],[14,19,17,19],[14,20,17,20],[14,21,17,21],[9,19,12,19],[9,20,12,20],[9,21,12,21],[9,22,12,22],[9,23,12,23],[9,24,12,24],[14,22,17,22],[14,23,17,23],[14,24,17,24],[14,25,17,25],[19,0,22,0],[19,14,22,14],[19,15,22,15],[19,16,22,16],[19,17,22,17],[19,18,22,18],[19,25,22,25],[24,0,27,0],[24,14,27,14],[24,15,27,15],[24,16,27,16],[24,17,27,17],[24,18,27,18],[24,19,27,19],[24,20,27,20],[24,21,27,21],[19,19,22,19],[19,20,22,20],[19,21,22,21],[19,22,22,22],[19,23,22,23],[19,24,22,24],[24,22,27,22],[24,23,27,23],[24,24,27,24],[24,25,27,25],[29,0,32,0],[29,14,32,14],[29,15,32,15],[29,16,32,16],[29,17,32,17],[35,2,35,7],[35,9,35,15],[35,16,35,17],[35,18,35,23],[29,19,32,19],[29,20,32,20],[29,21,32,21],[29,22,32,22],[29,23,32,23],[29,25,32,25],[34,2,34,7],[34,9,34,15],[34,16,34,17],[34,18,34,23],[29,24,32,24],[29,18,32,18]]}
["2023-2024 FALL - FIZ 101EL LABORATORY LIST"]
[null,null,null,"Laboratory Section : ","Pazartesi",null,"1330/1529",null,null,null,null,null,null,null,null,null,"CRN :",10457,null,10458,null,10459,null,10460]
[null,null,null,"Laboratory Asistant : ","Ertuğrul EKİZ"]
["SET",1,2,3,4,5,6,7,8,9,10,11,12,13,"2023-10-16","2023-10-23","2023-10-30","2023-11-06","2023-11-13","2023-11-20","2023-11-27","2023-12-04","2023-12-11","2023-12-18","2023-12-25","2023-01-01"]
["Student ID",10210008,10220084,10230705,30210712,30220113,40210724,40220209,40220647,50190238,50220226,60220117,60220363,70210019,"Exp. 1\nL2 F1",null,"Exp. 2\nL2 F4",null,"Exp. 3\nL2 F5",null,"Exp. 4\nL2 F1",null,"Exp. 5\nL2 F4",null,"Exp. 6\nL2 F5"]
[null,10210309,10220314,30200040,30210807,30220118,40220092,40220243,40220758,50210023,50220231,60220173,60220930,70220028]
[null,10220073,10220444,30210078,30220069,30220726,40220104,40220422,40220802,50220033,50230039,60220210,60230915]
[]
["SET",1,2,3,4,5,6,7,8,9,10,11,12,13,"2023-10-16","2023-10-23","2023-10-30","2023-11-06","2023-11-13","2023-11-20","2023-11-27","2023-12-04","2023-12-11","2023-12-18","2023-12-25","2023-01-01"]
["Student ID",70220265,90190353,90230338,150220023,150220081,150220321,10220111,10220370,10230203,10230729,30220703,30230092,40220057,null,"Exp. 1\nL2 F1",null,"Exp. 2\nL2 F4",null,"Exp. 3\nL2 F5",null,"Exp. 4\nL2 F1",null,"Exp. 5\nL2 F4",null,"Exp. 6\nL2 F5"]
[null,80220063,90210307,110220043,150220060,150220106,150220328,10220208,10220411,10230253,10230761,30230009,30230722,90210782]
[null,80230726,90220019,150220017,150220066,150220301,150220939,10220333,10220457,10230727,30220115,30230041,40210563,90230781]
[]
["SET",1,2,3,4,5,6,7,8,9,10,11,12,13,"2023-10-16","2023-10-23","2023-10-30","2023-11-06","2023-11-13","2023-11-20","2023-11-27","2023-12-04","2023-12-11","2023-12-18","2023-12-25","2023-01-01"]
["Student ID",40210812,40220261,40230772,50230744,70220016,70230055,70230237,80220123,80230131,90220341,110230161,150220063,150220937,"Exp. 2\nL2 F4",null,"Exp. 3\nL2 F5",null,"Exp. 1\nL2 F1",null,"Exp. 5\nL2 F4",null,"Exp. 6\nL2 F5",null,"Exp. 4\nL2 F1"]
[null,40220029,40220316,50210343,60220103,70220101,70230062,80200708,80220135,90220305,90230319,150220002,150220085,150230724]
[null,40220065,40230071,50220915,60220116,70220751,70230159,80210056,80230125,90220316,90230325,150220008,150220934]
[]
["SET",1,2,3,4,5,6,7,8,9,10,11,12,13,"2023-10-16","2023-10-23","2023-10-30","2023-11-06","2023-11-13","2023-11-20","2023-11-27","2023-12-04","2023-12-11","2023-12-18","2023-12-25","2023-01-01"]
["Student ID",10210113,10210325,10220110,10220174,10220526,10230759,30220151,40220395,40230309,50220328,50220921,60220033,null,null,"Exp. 2\nL2 F4",null,"Exp. 3\nL2 F5",null,"Exp. 1\nL2 F1",null,"Exp. 5\nL2 F4",null,"Exp. 6\nL2 F5",null,"Exp. 4\nL2 F1"]
[null,10210130,10210820,10220149,10220226,10230443,30210143,30220185,40220416,50210035,50220337,60220014,60220039]
[null,10210301,10220065,10220156,10220412,10230560,30220075,40220015,40230245,50220306,50220452,60220022,60220154]
[]
["SET",1,2,3,4,5,6,7,8,9,10,11,12,13,"2023-10-16","2023-10-23","2023-10-30","2023-11-06","2023-11-13","2023-11-20","2023-11-27","2023-12-04","2023-12-11","2023-12-18","2023-12-25","2023-01-01"]
["Student ID",60220155,60230005,70220113,70230118,80220147,90220332,150220089,10220069,10220363,10220435,30220170,40220307,40220356,"Exp. 3\nL2 F5",null,"Exp. 1\nL2 F1",null,"Exp. 2\nL2 F4",null,"Exp. 6\nL2 F5",null,"Exp. 4\nL2 F1",null,"Exp. 5\nL2 F4"]
[null,60220175,60230149,70220149,80220003,80230139,90220348,10210071,10220106,10220404,10220523,40220073,40220315,40220360]
[null,60220180,70220014,70230115,80220126,90220229,90220773,10210452,10220186,10220417,30220031,40220202,40220327]
[]
["SET",1,2,3,4,5,6,7,8,9,10,11,12,13,"2023-10-16","2023-10-23","2023-10-30","2023-11-06","2023-11-13","2023-11-20","2023-11-27","2023-12-04","2023-12-11","2023-12-18","2023-12-25","2023-01-01"]
["Student ID",40220367,40220646,50220344,60220162,60230762,70220111,80220012,80220117,90220010,90230782,150220027,150220093,null,null,"Exp. 3\nL2 F5",null,"Exp. 1\nL2 F1",null,"Exp. 2\nL2 F4",null,"Exp. 6\nL2 F5",null,"Exp. 4\nL2 F1",null,"Exp. 5\nL2 F4"]
[null,40220407,40220750,50220443,60220337,70220026,70220230,80220043,80220153,90220246,110220113,150220049,150220318]
[null,40220425,40230649,60220107,60230219,70220054,80210064,80220113,80230016,90230781,150220004,150220057,150230909]
[]
[]
[null,"Exp 1:","Basic Measurements and Physical Pendulum",null,null,null,null,null,"Exp 3:","Motion with Constant Acceleration",null,null,null,null,null,null,"Exp. 5 :",null,"Moment of Inertia"]
[null,"Exp 2:","Projectile Motion and Elastic Collision",null,null,null,null,null,"Exp 4:","Centripetal Acceleration",null,null,null,null,null,null,"Exp. 6 :",null,"Simple Harmonic Motion"]

{"sheet":"1D","index":3,"n_rows":36,"n_cols":26,"rows_kept":36,"cut":false,"hidden":false,"merged":[[0,0,0,25],[4,0,7,0],[4,14,7,14],[4,15,7,15],[4,16,7,16],[4,17,7,17],[4,18,7,18],[4,19,7,19],[4,20,7,20],[4,21,7,21],[4,22,7,22],[4,23,7,23],[4,24,7,24],[4,25,7,25],[9,0,12,0],[9,14,12,14],[9,15,12,15],[9,16,12,16],[9,17,12,17],[9,18,12,18],[9,25,12,25],[14,0,17,0],[14,14,17,14],[14,15,17,15],[14,16,17,16],[14,17,17,17],[14,18,17,18],[14,19,17,19],[14,20,17,20],[14,21,17,21],[9,19,12,19],[9,20,12,20],[9,21,12,21],[9,22,12,22],[9,23,12,23],[9,24,12,24],[14,22,17,22],[14,23,17,23],[14,24,17,24],[14,25,17,25],[19,0,22,0],[19,14,22,14],[19,15,22,15],[19,16,22,16],[19,17,22,17],[19,18,22,18],[19,25,22,25],[24,0,27,0],[24,14,27,14],[24,15,27,15],[24,16,27,16],[24,17,27,17],[24,18,27,18],[24,19,27,19],[24,20,27,20],[24,21,27,21],[19,19,22,19],[19,20,22,20],[19,21,22,21],[19,22,22,22],[19,23,22,23],[19,24,22,24],[24,22,27,22],[24,23,27,23],[24,24,27,24],[24,25,27,25],[29,0,32,0],[29,14,32,14],[29,15,32,15],[29,16,32,16],[29,17,32,17],[35,2,35,7],[35,9,35,15],[35,16,35,17],[35,18,35,23],[29,19,32,19],[29,20,32,20],[29,21,32,21],[29,22,32,22],[29,23,32,23],[29,25,32,25],[34,2,34,7],[34,9,34,15],[34,16,34,17],[34,18,34,23],[29,24,32,24],[29,18,32,18]]}
["2023-2024 FALL - FIZ 101EL LABORATORY LIST"]
[null,null,null,"Laboratory Section : ","Pazartesi",null,"1530/1729",null,null,null,null,null,null,null,null,null,"CRN :",10462,null,10463,null,10464,null,10465]
[null,null,null,"Laboratory Asistant : ","Funda Güven"]
["SET",1,2,3,4,5,6,7,8,9,10,11,12,13,"2023-10-16","2023-10-23","2023-10-30","2023-11-06","2023-11-13","2023-11-20","2023-11-27","2023-12-04","2023-12-11","2023-12-18","2023-12-25","2023-01-01"]
["Student ID",10210027,10210432,10220414,30220099,40220077,40220605,50210219,50220146,50220411,60210164,60220225,70220047,70220306,"Exp. 1\nL2 F1",null,"Exp. 2\nL2 F4",null,"Exp. 3\nL2 F5",null,"Exp. 4\nL2 F1",null,"Exp. 5\nL2 F4",null,"Exp. 6\nL2 F5"]
[null,10210249,10210816,30200180,40210348,40220439,40220747,50210808,50220244,50220713,60220109,60220361,70220116,70220333]
[null,10210428,10220002,30210043,40210808,40220512,40220756,50220018,50220247,50230349,60220224,70220032,70220295]
[]
["SET",1,2,3,4,5,6,7,8,9,10,11,12,13,"2023-10-16","2023-10-23","2023-10-30","2023-11-06","2023-11-13","2023-11-20","2023-11-27","2023-12-04","2023-12-11","2023-12-18","2023-12-25","2023-01-01"]
["Student ID",70220342,90210809,110220056,110220112,150220032,150220333,10210097,10220044,10220360,10230249,30220166,40220105,null,null,"Exp. 1\nL2 F1",null,"Exp. 2\nL2 F4",null,"Exp. 3\nL2 F5",null,"Exp. 4\nL2 F1",null,"Exp. 5\nL2 F4",null,"Exp. 6\nL2 F5"]
[null,80060143,90220044,110220060,110220140,150220044,150230720,10210101,10220070,10220453,10230758,30220175,40220240]
[null,90210761,90220234,110220111,150210018,150220307,10210077,10210151,10220236,10230123,30220036,30230066,40220387]
[null,null,null,null,null,null,null,null,null,null,null,null,80220129]
["SET",1,2,3,4,5,6,7,8,9,10,11,12,13,"2023-10-16","2023-10-23","2023-10-30","2023-11-06","2023-11-13","2023-11-20","2023-11-27","2023-12-04","2023-12-11","2023-12-18","2023-12-25","2023-01-01"]
["Student ID",40220403,40230202,40230530,50210420,50220338,50230418,60220261,70220053,80220149,110220114,110220146,110230153,150220069,"Exp. 2\nL2 F4",null,"Exp. 3\nL2 F5",null,"Exp. 1\nL2 F1",null,"Exp. 5\nL2 F4",null,"Exp. 6\nL2 F5",null,"Exp. 4\nL2 F1"]
[null,40220501,40230232,50210245,50220222,50220339,60210812,60220324,70220802,80230022,110220120,110220153,150220001,10210018]
[null,40220753,40230401,50210246,50220233,50230234,60220101,60230907,70230154,90220257,110220139,110220159,150220035]
[]
["SET",1,2,3,4,5,6,7,8,9,10,11,12,13,"2023-10-16","2023-10-23","2023-10-30","2023-11-06","2023-11-13","2023-11-20","2023-11-27","2023-12-04","2023-12-11","2023-12-18","2023-12-25","2023-01-01"]
["Student ID",10210103,10220159,10220331,30210055,30220137,30220191,40220219,40220399,40230237,50210026,50210454,60210018,null,null,"Exp. 2\nL2 F4",null,"Exp. 3\nL2 F5",null,"Exp. 1\nL2 F1",null,"Exp. 5\nL2 F4",null,"Exp. 6\nL2 F5",null,"Exp. 4\nL2 F1"]
[null,10210328,10220162,10220507,30220065,30220139,40220069,40220253,40220547,40230750,50210336,50220320,60220034]
[null,10220049,10220225,10230771,30220093,30220154,40220084,40220317,40220624,40230958,50210440,50230231,60220204]
[null,null,null,null,null,null,null,null,null,null,null,null,110230910]
["SET",1,2,3,4,5,6,7,8,9,10,11,12,13,"2023-10-16","2023-10-23","2023-10-30","2023-11-06","2023-11-13","2023-11-20","2023-11-27","2023-12-04","2023-12-11","2023-12-18","2023-12-25","2023-01-01"]
["Student ID",60220339,60230736,70230035,70230265,80220139,110210119,10210817,10220068,10220334,10220355,10230229,30230706,40210804,"Exp. 3\nL2 F5",null,"Exp. 1\nL2 F1",null,"Exp. 2\nL2 F4",null,"Exp. 6\nL2 F5",null,"Exp. 4\nL2 F1",null,"Exp. 5\nL2 F4"]
[null,60220346,70220301,70230110,70230728,90220250,110220026,10220011,10220082,10220350,10220438,30220182,30230723,40220018]
[null,60230048,70220322,70230238,80220028,90220307,110220072,10220032,10220114,10220352,10220460,30230059,40210739]
[]
["SET",1,2,3,4,5,6,7,8,9,10,11,12,13,"2023-10-16","2023-10-23","2023-10-30","2023-11-06","2023-11-13","2023-11-20","2023-11-27","2023-12-04","2023-12-11","2023-12-18","2023-12-25","2023-01-01"]
["Student ID",40220039,40220308,40220602,40220752,50210036,50220052,50220343,60220013,60220236,80210806,90210252,110220063,null,null,"Exp. 3\nL2 F5",null,"Exp. 1\nL2 F1",null,"Exp. 2\nL2 F4",null,"Exp. 6\nL2 F5",null,"Exp. 4\nL2 F1",null,"Exp. 5\nL2 F4"]
[null,40220095,40220523,40220612,40230310,50210227,50220211,50230713,60220160,60230716,80220137,90220238,110220150]
[null,40220241,40220530,40220614,50210005,50210341,50220225,60210178,60220223,70220157,90210214,90220262,70220211]
[null,null,null,null,null,null,null,null,null,null,null,null,null," "]
[]
[null,"Exp 1:","Basic Measurements and Physical Pendulum",null,null,null,null,null,"Exp 3:","Motion with Constant Acceleration",null,null,null,null,null,null,"Exp. 5 :",null,"Moment of Inertia"]
[null,"Exp 2:","Projectile Motion and Elastic Collision",null,null,null,null,null,"Exp 4:","Centripetal Acceleration",null,null,null,null,null,null,"Exp. 6 :",null,"Simple Harmonic Motion"]

{"sheet":"2A","index":4,"n_rows":36,"n_cols":26,"rows_kept":36,"cut":false,"hidden":false,"merged":[[0,0,0,25],[4,0,7,0],[4,14,7,14],[4,15,7,15],[4,16,7,16],[4,17,7,17],[4,18,7,18],[4,19,7,19],[4,20,7,20],[4,21,7,21],[4,22,7,22],[4,23,7,23],[4,24,7,24],[4,25,7,25],[9,0,12,0],[9,14,12,14],[9,15,12,15],[9,16,12,16],[9,17,12,17],[9,18,12,18],[9,25,12,25],[14,0,17,0],[14,14,17,14],[14,15,17,15],[14,16,17,16],[14,17,17,17],[14,18,17,18],[14,19,17,19],[14,20,17,20],[14,21,17,21],[9,19,12,19],[9,20,12,20],[9,21,12,21],[9,22,12,22],[9,23,12,23],[9,24,12,24],[14,22,17,22],[14,23,17,23],[14,24,17,24],[14,25,17,25],[19,0,22,0],[19,14,22,14],[19,15,22,15],[19,16,22,16],[19,17,22,17],[19,18,22,18],[19,25,22,25],[24,0,27,0],[24,14,27,14],[24,15,27,15],[24,16,27,16],[24,17,27,17],[24,18,27,18],[24,19,27,19],[24,20,27,20],[24,21,27,21],[19,19,22,19],[19,20,22,20],[19,21,22,21],[19,22,22,22],[19,23,22,23],[19,24,22,24],[24,22,27,22],[24,23,27,23],[24,24,27,24],[24,25,27,25],[29,0,32,0],[29,14,32,14],[29,15,32,15],[29,16,32,16],[29,17,32,17],[35,2,35,7],[35,9,35,15],[35,16,35,17],[35,18,35,23],[29,19,32,19],[29,20,32,20],[29,21,32,21],[29,22,32,22],[29,23,32,23],[29,25,32,25],[34,2,34,7],[34,9,34,15],[34,16,34,17],[34,18,34,23],[29,24,32,24],[29,18,32,18]]}
["2023-2024 FALL - FIZ 101EL LABORATORY LIST"]
[null,null,null,"Laboratory Section : ","Salı",null,"0930/1129",null,null,null,null,null,null,null,null,null,"CRN :",10494,null,10495,null,10496,null,10498]
[null,null,null,"Laboratory Asistant : ","Çağatay Okyay"]
["SET",1,2,3,4,5,6,7,8,9,10,11,12,13,"2023-10-17","2023-10-24","2023-10-31","2023-11-07","2023-11-14","2023-11-21","2023-11-28","2023-12-05","2023-12-12","2023-12-19","2023-12-26","2023-01-02"]
["Student ID",10190125,10220151,10230766,30220068,40220087,40230921,50220215,50220335,60210810,70220043,70220147,70220248,null,"Exp. 1\nL2 F1",null,"Exp. 2\nL2 F4",null,"Exp. 3\nL2 F5",null,"Exp. 4\nL2 F1",null,"Exp. 5\nL2 F4",null,"Exp. 6\nL2 F5"]
[null,10210315,10220410,30220034,30220097,40220256,50160248,50220258,50220423,60220243,70220107,70220210,70220268]
[null,10220010,10220436,30220037,40200533,40230774,50190810,50220311,50230727,60220344,70220144,70220240,70220311]
[]
["SET",1,2,3,4,5,6,7,8,9,10,11,12,13,"2023-10-17","2023-10-24","2023-10-31","2023-11-07","2023-11-14","2023-11-21","2023-11-28","2023-12-05","2023-12-12","2023-12-19","2023-12-26","2023-01-02"]
["Student ID",70230754,90220025,90220266,110220736,150220041,150220306,150230985,10220118,10230451,30220206,40220558,40230016,50220221,null,"Exp. 1\nL2 F1",null,"Exp. 2\nL2 F4",null,"Exp. 3\nL2 F5",null,"Exp. 4\nL2 F1",null,"Exp. 5\nL2 F4",null,"Exp. 6\nL2 F5"]
[null,80210128,90220045,90220272,140170016,150220101,150220320,10210038,10220202,10230779,40220428,40220792,40230070,10220316]
[null,90220018,90220048,110220221,140210801,150220103,150230984,10210912,10230010,30220159,40220552,40220953,40230088,30220193]
[]
["SET",1,2,3,4,5,6,7,8,9,10,11,12,13,"2023-10-17","2023-10-24","2023-10-31","2023-11-07","2023-11-14","2023-11-21","2023-11-28","2023-12-05","2023-12-12","2023-12-19","2023-12-26","2023-01-02"]
["Student ID",50210236,50210357,50230734,60220060,60220138,60220233,60230102,60230904,80220066,80220130,90230003,110880028,null,"Exp. 2\nL2 F4",null,"Exp. 3\nL2 F5",null,"Exp. 1\nL2 F1",null,"Exp. 5\nL2 F4",null,"Exp. 6\nL2 F5",null,"Exp. 4\nL2 F1"]
[null,50210306,50220037,60210028,60220111,60220141,60220308,60230116,70220067,80220067,80220136,110230208,140230707]
[null,50210354,50220355,60210803,60220122,60220216,60220338,60230132,70220223,80220116,80230039,110230735,150220708]
[]
["SET",1,2,3,4,5,6,7,8,9,10,11,12,13,"2023-10-17","2023-10-24","2023-10-31","2023-11-07","2023-11-14","2023-11-21","2023-11-28","2023-12-05","2023-12-12","2023-12-19","2023-12-26","2023-01-02"]
["Student ID",150220801,10220105,10220349,10230233,30220013,40200939,40220613,40230262,50220012,50220059,50220402,50230712,null,null,"Exp. 2\nL2 F4",null,"Exp. 3\nL2 F5",null,"Exp. 1\nL2 F1",null,"Exp. 5\nL2 F4",null,"Exp. 6\nL2 F5",null,"Exp. 4\nL2 F1"]
[null,10210052,10220165,10230026,10230424,30220153,40220027,40220617,40230514,50220019,50220259,50230326,60220179]
[null,10220086,10220216,10230045,10230753,40160751,40220409,40230247,40230711,50220048,50220262,50230336,60220254]
[]
["SET",1,2,3,4,5,6,7,8,9,10,11,12,13,"2023-10-17","2023-10-24","2023-10-31","2023-11-07","2023-11-14","2023-11-21","2023-11-28","2023-12-05","2023-12-12","2023-12-19","2023-12-26","2023-01-02"]
["Student ID",60230013,70230249,80220122,80230101,80230709,140220048,150220938,10220160,40210044,40220076,40220381,40220611,null,"Exp. 3\nL2 F5",null,"Exp. 1\nL2 F1",null,"Exp. 2\nL2 F4",null,"Exp. 6\nL2 F5",null,"Exp. 4\nL2 F1",null,"Exp. 5\nL2 F4"]
[null,60230046,80220056,80220138,80230149,90230790,150220037,10210100,10220442,40220023,40220254,40220528,40220623]
[null,70220338,80220107,80220155,80230706,110220212,150220744,10220042,10220462,40220046,40220258,40220545,40220806]
[]
["SET",1,2,3,4,5,6,7,8,9,10,11,12,13,"2023-10-17","2023-10-24","2023-10-31","2023-11-07","2023-11-14","2023-11-21","2023-11-28","2023-12-05","2023-12-12","2023-12-19","2023-12-26","2023-01-02"]
["Student ID",40230204,50210038,50220236,60210061,60220170,70220213,70230020,80220009,110210229,140230701,150220074,150220313,null,null,"Exp. 3\nL2 F5",null,"Exp. 1\nL2 F1",null,"Exp. 2\nL2 F4",null,"Exp. 6\nL2 F5",null,"Exp. 4\nL2 F1",null,"Exp. 5\nL2 F4"]
[null,40230207,50210301,50220238,60210158,70210253,70220267,70230119,80220054,110220121,150220019,150220082,150220332]
[null,40230408,50210453,50220315,60220005,70220132,70220719,80220005,80220062,140220007,150220059,150220110,150230027]
[]
[]
[null,"Exp 1:","Basic Measurements and Physical Pendulum",null,null,null,null,null,"Exp 3:","Motion with Constant Acceleration",null,null,null,null,null,null,"Exp. 5 :",null,"Moment of Inertia"]
[null,"Exp 2:","Projectile Motion and Elastic Collision",null,null,null,null,null,"Exp 4:","Centripetal Acceleration",null,null,null,null,null,null,"Exp. 6 :",null,"Simple Harmonic Motion"]

{"sheet":"2B","index":5,"n_rows":36,"n_cols":26,"rows_kept":36,"cut":false,"hidden":false,"merged":[[0,0,0,25],[4,0,7,0],[4,14,7,14],[4,15,7,15],[4,16,7,16],[4,17,7,17],[4,18,7,18],[4,19,7,19],[4,20,7,20],[4,21,7,21],[4,22,7,22],[4,23,7,23],[4,24,7,24],[4,25,7,25],[9,0,12,0],[9,14,12,14],[9,15,12,15],[9,16,12,16],[9,17,12,17],[9,18,12,18],[9,25,12,25],[14,0,17,0],[14,14,17,14],[14,15,17,15],[14,16,17,16],[14,17,17,17],[14,18,17,18],[14,19,17,19],[14,20,17,20],[14,21,17,21],[9,19,12,19],[9,20,12,20],[9,21,12,21],[9,22,12,22],[9,23,12,23],[9,24,12,24],[14,22,17,22],[14,23,17,23],[14,24,17,24],[14,25,17,25],[19,0,22,0],[19,14,22,14],[19,15,22,15],[19,16,22,16],[19,17,22,17],[19,18,22,18],[19,25,22,25],[24,0,27,0],[24,14,27,14],[24,15,27,15],[24,16,27,16],[24,17,27,17],[24,18,27,18],[24,19,27,19],[24,20,27,20],[24,21,27,21],[19,19,22,19],[19,20,22,20],[19,21,22,21],[19,22,22,22],[19,23,22,23],[19,24,22,24],[24,22,27,22],[24,23,27,23],[24,24,27,24],[24,25,27,25],[29,0,32,0],[29,14,32,14],[29,15,32,15],[29,16,32,16],[29,17,32,17],[35,2,35,7],[35,9,35,15],[35,16,35,17],[35,18,35,23],[29,19,32,19],[29,20,32,20],[29,21,32,21],[29,22,32,22],[29,23,32,23],[29,25,32,25],[34,2,34,7],[34,9,34,15],[34,16,34,17],[34,18,34,23],[29,24,32,24],[29,18,32,18]]}
["2023-2024 FALL - FIZ 101EL LABORATORY LIST"]
[null,null,null,"Laboratory Section : ","Salı",null,"1130/1329",null,null,null,null,null,null,null,null,null,"CRN :",10500,null,10502,null,10503,null,10505]
[null,null,null,"Laboratory Asistant : ","Cem Sanga"]
["SET",1,2,3,4,5,6,7,8,9,10,11,12,13,"2023-10-17","2023-10-24","2023-10-31","2023-11-07","2023-11-14","2023-11-21","2023-11-28","2023-12-05","2023-12-12","2023-12-19","2023-12-26","2023-01-02"]
["Student ID",10210189,10210349,10220335,10220440,10230060,40220036,40220216,40220335,40220424,40220507,40220557,50210719,60210155,"Exp. 1\nL2 F1",null,"Exp. 2\nL2 F4",null,"Exp. 3\nL2 F5",null,"Exp. 4\nL2 F1",null,"Exp. 5\nL2 F4",null,"Exp. 6\nL2 F5"]
[null,10210198,10210568,10220338,10220525,40210026,40220061,40220223,40220369,40220503,40220515,40220606,50220207,60210351]
[null,10210338,10220129,10220343,10230006,40210813,40220078,40220330,40220423,40220506,40220529,50180348,60210106]
[]
["SET",1,2,3,4,5,6,7,8,9,10,11,12,13,"2023-10-17","2023-10-24","2023-10-31","2023-11-07","2023-11-14","2023-11-21","2023-11-28","2023-12-05","2023-12-12","2023-12-19","2023-12-26","2023-01-02"]
["Student ID",60220007,60220356,70220139,70220750,80220907,150210701,10210074,10220057,10220324,10230091,30220039,40220013,null,null,"Exp. 1\nL2 F1",null,"Exp. 2\nL2 F4",null,"Exp. 3\nL2 F5",null,"Exp. 4\nL2 F1",null,"Exp. 5\nL2 F4",null,"Exp. 6\nL2 F5"]
[null,60220226,70220110,70220226,80210131,80230146,150230716,10210520,10220062,10220569,10230260,30220195,40220088]
[null,60220317,70220130,70220232,80220069,110220218,10210017,10210622,10220205,10230059,10230312,40210001]
[]
["SET",1,2,3,4,5,6,7,8,9,10,11,12,13,"2023-10-17","2023-10-24","2023-10-31","2023-11-07","2023-11-14","2023-11-21","2023-11-28","2023-12-05","2023-12-12","2023-12-19","2023-12-26","2023-01-02"]
["Student ID",40220244,40220358,40230021,40230601,50210255,50220257,50220340,60220176,70220050,70220312,80220040,90220034,150220936,"Exp. 2\nL2 F4",null,"Exp. 3\nL2 F5",null,"Exp. 1\nL2 F1",null,"Exp. 5\nL2 F4",null,"Exp. 6\nL2 F5",null,"Exp. 4\nL2 F1"]
[null,40220251,40220550,40230041,40230751,50220162,50220309,50220445,60230042,70220269,70230026,80230724,110220254,10210006]
[null,40220301,40230020,40230242,40230960,50220249,50220317,50230305,70220038,70220296,70230132,80230725,110230004]
[]
["SET",1,2,3,4,5,6,7,8,9,10,11,12,13,"2023-10-17","2023-10-24","2023-10-31","2023-11-07","2023-11-14","2023-11-21","2023-11-28","2023-12-05","2023-12-12","2023-12-19","2023-12-26","2023-01-02"]
["Student ID",10210557,10220503,10220547,10230315,30220143,40210341,40220304,40220637,40230371,50220056,50220325,60210009,null,null,"Exp. 2\nL2 F4",null,"Exp. 3\nL2 F5",null,"Exp. 1\nL2 F1",null,"Exp. 5\nL2 F4",null,"Exp. 6\nL2 F5",null,"Exp. 4\nL2 F1"]
[null,10220252,10220518,10220552,10230502,30220207,40220012,40220311,40220708,50120815,50220159,50220409,60220047]
[null,10220345,10220531,10220562,30220072,30230165,40220070,40220393,40230317,50210346,50220213,50230717]
[]
["SET",1,2,3,4,5,6,7,8,9,10,11,12,13,"2023-10-17","2023-10-24","2023-10-31","2023-11-07","2023-11-14","2023-11-21","2023-11-28","2023-12-05","2023-12-12","2023-12-19","2023-12-26","2023-01-02"]
["Student ID",60220134,60230034,70220218,80210105,80220124,80230152,150230713,10220019,10220185,10220461,10220546,30220026,30220105,"Exp. 3\nL2 F5",null,"Exp. 1\nL2 F1",null,"Exp. 2\nL2 F4",null,"Exp. 6\nL2 F5",null,"Exp. 4\nL2 F1",null,"Exp. 5\nL2 F4"]
[null,60220156,70220057,70220219,80220013,80220133,110220225,10210355,10220071,10220201,10220506,30220001,30220032,30220196]
[null,60220327,70220075,70220255,80220064,80230110,150220326,10210430,10220120,10220437,10220512,30220014,30220086,150220309]
[]
["SET",1,2,3,4,5,6,7,8,9,10,11,12,13,"2023-10-17","2023-10-24","2023-10-31","2023-11-07","2023-11-14","2023-11-21","2023-11-28","2023-12-05","2023-12-12","2023-12-19","2023-12-26","2023-01-02"]
["Student ID",40220028,40220247,40220414,40220543,40220710,40230631,50220261,60220119,70220030,70220275,90220013,150220096,10220020,null,"Exp. 3\nL2 F5",null,"Exp. 1\nL2 F1",null,"Exp. 2\nL2 F4",null,"Exp. 6\nL2 F5",null,"Exp. 4\nL2 F1",null,"Exp. 5\nL2 F4"]
[null,40220053,40220388,40220426,40220553,40230357,50220138,60220010,60220132,70220143,80220006,90220801,150230710]
[null,40220090,40220408,40220433,40220648,40230629,50220230,60220028,60220350,70220220,80220103,110220231,70220065]
[]
[]
[null,"Exp 1:","Basic Measurements and Physical Pendulum",null,null,null,null,null,"Exp 3:","Motion with Constant Acceleration",null,null,null,null,null,null,"Exp. 5 :",null,"Moment of Inertia"]
[null,"Exp 2:","Projectile Motion and Elastic Collision",null,null,null,null,null,"Exp 4:","Centripetal Acceleration",null,null,null,null,null,null,"Exp. 6 :",null,"Simple Harmonic Motion"]

{"sheet":"2C","index":6,"n_rows":36,"n_cols":26,"rows_kept":36,"cut":false,"hidden":false,"merged":[[0,0,0,25],[4,0,7,0],[4,14,7,14],[4,15,7,15],[4,16,7,16],[4,17,7,17],[4,18,7,18],[4,19,7,19],[4,20,7,20],[4,21,7,21],[4,22,7,22],[4,23,7,23],[4,24,7,24],[4,25,7,25],[9,0,12,0],[9,14,12,14],[9,15,12,15],[9,16,12,16],[9,17,12,17],[9,18,12,18],[9,25,12,25],[14,0,17,0],[14,14,17,14],[14,15,17,15],[14,16,17,16],[14,17,17,17],[14,18,17,18],[14,19,17,19],[14,20,17,20],[14,21,17,21],[9,19,12,19],[9,20,12,20],[9,21,12,21],[9,22,12,22],[9,23,12,23],[9,24,12,24],[14,22,17,22],[14,23,17,23],[14,24,17,24],[14,25,17,25],[19,0,22,0],[19,14,22,14],[19,15,22,15],[19,16,22,16],[19,17,22,17],[19,18,22,18],[19,25,22,25],[24,0,27,0],[24,14,27,14],[24,15,27,15],[24,16,27,16],[24,17,27,17],[24,18,27,18],[24,19,27,19],[24,20,27,20],[24,21,27,21],[19,19,22,19],[19,20,22,20],[19,21,22,21],[19,22,22,22],[19,23,22,23],[19,24,22,24],[24,22,27,22],[24,23,27,23],[24,24,27,24],[24,25,27,25],[29,0,32,0],[29,14,32,14],[29,15,32,15],[29,16,32,16],[29,17,32,17],[35,2,35,7],[35,9,35,15],[35,16,35,17],[35,18,35,23],[29,19,32,19],[29,20,32,20],[29,21,32,21],[29,22,32,22],[29,23,32,23],[29,25,32,25],[34,2,34,7],[34,9,34,15],[34,16,34,17],[34,18,34,23],[29,24,32,24],[29,18,32,18]]}
["2023-2024 FALL - FIZ 101EL LABORATORY LIST"]
[null,null,null,"Laboratory Section : ","Salı",null,"1330/1529",null,null,null,null,null,null,null,null,null,"CRN :",10508,null,10509,null,10510,null,10512]
[null,null,null,"Laboratory Asistant : ","Hasan Hüseyin Sömek"]
["SET",1,2,3,4,5,6,7,8,9,10,11,12,13,"2023-10-17","2023-10-24","2023-10-31","2023-11-07","2023-11-14","2023-11-21","2023-11-28","2023-12-05","2023-12-12","2023-12-19","2023-12-26","2023-01-02"]
["Student ID",10190142,10210569,10220356,30220087,40210951,40220047,40220233,40220357,40230608,50210317,60220124,60230121,70220024,"Exp. 1\nL2 F1",null,"Exp. 2\nL2 F4",null,"Exp. 3\nL2 F5",null,"Exp. 4\nL2 F1",null,"Exp. 5\nL2 F4",null,"Exp. 6\nL2 F5"]
[null,10210019,10220183,10220553,30230718,40220026,40220066,40220246,40220394,40230760,50220127,60220246,60230755,70220068]
[null,10210519,10220262,30220070,40210553,40220031,40220102,40220255,40220440,50210303,50220254,60220328,70220019]
[]
["SET",1,2,3,4,5,6,7,8,9,10,11,12,13,"2023-10-17","2023-10-24","2023-10-31","2023-11-07","2023-11-14","2023-11-21","2023-11-28","2023-12-05","2023-12-12","2023-12-19","2023-12-26","2023-01-02"]
["Student ID",70220071,70230288,90210263,90220267,110220705,140220014,10210138,10210916,10220568,10230715,30220179,30230044,150210341,null,"Exp. 1\nL2 F1",null,"Exp. 2\nL2 F4",null,"Exp. 3\nL2 F5",null,"Exp. 4\nL2 F1",null,"Exp. 5\nL2 F4",null,"Exp. 6\nL2 F5"]
[null,70220239,70230300,90220222,90220269,110230720,150220768,10210176,10220434,10230255,10230725,30220188,30230055,10220255]
[null,70220283,80220018,90220248,110210104,110230728,10210033,10210260,10220509,10230512,30220067,30230003,80230720,70230791]
[]
["SET",1,2,3,4,5,6,7,8,9,10,11,12,13,"2023-10-17","2023-10-24","2023-10-31","2023-11-07","2023-11-14","2023-11-21","2023-11-28","2023-12-05","2023-12-12","2023-12-19","2023-12-26","2023-01-02"]
["Student ID",30230708,40220236,40220442,40220609,40230943,50210813,60220006,60220247,70220003,80220016,90230249,110220029,null,"Exp. 2\nL2 F4",null,"Exp. 3\nL2 F5",null,"Exp. 1\nL2 F1",null,"Exp. 5\nL2 F4",null,"Exp. 6\nL2 F5",null,"Exp. 4\nL2 F1"]
[null,30230720,40220370,40220532,40230327,50210014,50230321,60220218,60230144,70220109,80230032,110210247,110220217]
[null,40220111,40220412,40220555,40230615,50210459,50230716,60220241,60230319,80210156,90220268,110220001,110220238]
[null,null,null,null,null,null,null,null,null,null,null,null,50230737]
["SET",1,2,3,4,5,6,7,8,9,10,11,12,13,"2023-10-17","2023-10-24","2023-10-31","2023-11-07","2023-11-14","2023-11-21","2023-11-28","2023-12-05","2023-12-12","2023-12-19","2023-12-26","2023-01-02"]
["Student ID",110220239,10210822,10220075,10220320,30220056,40220110,40220372,40230234,50210359,50220036,50220305,60220035,10220255,null,"Exp. 2\nL2 F4",null,"Exp. 3\nL2 F5",null,"Exp. 1\nL2 F1",null,"Exp. 5\nL2 F4",null,"Exp. 6\nL2 F5",null,"Exp. 4\nL2 F1"]
[null,10210049,10220001,10220077,10220361,30220173,40220242,40220385,40230260,50210403,50220153,50220426,60220055,10220362]
[null,10210248,10220014,10220302,10230201,30220198,40220309,40220645,50210004,50210812,50220251,50220432,60220062]
[]
["SET",1,2,3,4,5,6,7,8,9,10,11,12,13,"2023-10-17","2023-10-24","2023-10-31","2023-11-07","2023-11-14","2023-11-21","2023-11-28","2023-12-05","2023-12-12","2023-12-19","2023-12-26","2023-01-02"]
["Student ID",60220135,70220023,70220257,80220115,110220033,110220248,150230910,10220083,10220229,10220402,30210187,40220207,null,"Exp. 3\nL2 F5",null,"Exp. 1\nL2 F1",null,"Exp. 2\nL2 F4",null,"Exp. 6\nL2 F5",null,"Exp. 4\nL2 F1",null,"Exp. 5\nL2 F4"]
[null,60220354,70220051,80220017,110220011,110220158,110230006,10210226,10220155,10220323,10230232,40220010,40220218]
[null,60230103,70220112,80220047,110220013,110220233,150220932,10220037,10220171,10220341,10230252,40220081,40220262]
[]
["SET",1,2,3,4,5,6,7,8,9,10,11,12,13,"2023-10-17","2023-10-24","2023-10-31","2023-11-07","2023-11-14","2023-11-21","2023-11-28","2023-12-05","2023-12-12","2023-12-19","2023-12-26","2023-01-02"]
["Student ID",40220334,40220601,40230725,50220131,50220448,60210814,60220319,70220063,80210060,80220058,90220254,110220125,null,null,"Exp. 3\nL2 F5",null,"Exp. 1\nL2 F1",null,"Exp. 2\nL2 F4",null,"Exp. 6\nL2 F5",null,"Exp. 4\nL2 F1",null,"Exp. 5\nL2 F4"]
[null,40220366,40230038,40230730,50220241,50230711,60220121,60220335,70220102,80220037,80220102,90230727,150230301]
[null,40220390,40230205,50210419,50220353,60210058,60220220,70220027,70230932,80220039,90220227,110220002,150230330]
[]
[]
[null,"Exp 1:","Basic Measurements and Physical Pendulum",null,null,null,null,null,"Exp 3:","Motion with Constant Acceleration",null,null,null,null,null,null,"Exp. 5 :",null,"Moment of Inertia"]
[null,"Exp 2:","Projectile Motion and Elastic Collision",null,null,null,null,null,"Exp 4:","Centripetal Acceleration",null,null,null,null,null,null,"Exp. 6 :",null,"Simple Harmonic Motion"]

{"sheet":"2D","index":7,"n_rows":36,"n_cols":26,"rows_kept":36,"cut":false,"hidden":false,"merged":[[0,0,0,25],[4,0,7,0],[4,14,7,14],[4,15,7,15],[4,16,7,16],[4,17,7,17],[4,18,7,18],[4,19,7,19],[4,20,7,20],[4,21,7,21],[4,22,7,22],[4,23,7,23],[4,24,7,24],[4,25,7,25],[9,0,12,0],[9,14,12,14],[9,15,12,15],[9,16,12,16],[9,17,12,17],[9,18,12,18],[9,25,12,25],[14,0,17,0],[14,14,17,14],[14,15,17,15],[14,16,17,16],[14,17,17,17],[14,18,17,18],[14,19,17,19],[14,20,17,20],[14,21,17,21],[9,19,12,19],[9,20,12,20],[9,21,12,21],[9,22,12,22],[9,23,12,23],[9,24,12,24],[14,22,17,22],[14,23,17,23],[14,24,17,24],[14,25,17,25],[19,0,22,0],[19,14,22,14],[19,15,22,15],[19,16,22,16],[19,17,22,17],[19,18,22,18],[19,25,22,25],[24,0,27,0],[24,14,27,14],[24,15,27,15],[24,16,27,16],[24,17,27,17],[24,18,27,18],[24,19,27,19],[24,20,27,20],[24,21,27,21],[19,19,22,19],[19,20,22,20],[19,21,22,21],[19,22,22,22],[19,23,22,23],[19,24,22,24],[24,22,27,22],[24,23,27,23],[24,24,27,24],[24,25,27,25],[29,0,32,0],[29,14,32,14],[29,15,32,15],[29,16,32,16],[29,17,32,17],[35,2,35,7],[35,9,35,15],[35,16,35,17],[35,18,35,23],[29,19,32,19],[29,20,32,20],[29,21,32,21],[29,22,32,22],[29,23,32,23],[29,25,32,25],[34,2,34,7],[34,9,34,15],[34,16,34,17],[34,18,34,23],[29,24,32,24],[29,18,32,18]]}
["2023-2024 FALL - FIZ 101EL LABORATORY LIST"]
[null,null,null,"Laboratory Section : ","Salı",null,"1530/1729",null,null,null,null,null,null,null,null,null,"CRN :",10514,null,10516,null,10517,null,10518]
[null,null,null,"Laboratory Asistant : ","Berfu Şenışık"]
["SET",1,2,3,4,5,6,7,8,9,10,11,12,13,"2023-10-17","2023-10-24","2023-10-31","2023-11-07","2023-11-14","2023-11-21","2023-11-28","2023-12-05","2023-12-12","2023-12-19","2023-12-26","2023-01-02"]
["Student ID",10210205,10210510,10220243,10220559,40190066,40220340,40220415,40230515,50230346,60210050,60220211,60220347,70200213,"Exp. 1\nL2 F1",null,"Exp. 2\nL2 F4",null,"Exp. 3\nL2 F5",null,"Exp. 4\nL2 F1",null,"Exp. 5\nL2 F4",null,"Exp. 6\nL2 F5"]
[null,10210419,10210517,10220367,10220565,40210820,40220341,40220544,40230770,60190806,60220031,60220238,70180804,70210069]
[null,10210453,10220173,10220513,10230981,40220001,40220398,40220649,50220124,60200209,60220157,60220242,70190762,110220039]
[]
["SET",1,2,3,4,5,6,7,8,9,10,11,12,13,"2023-10-17","2023-10-24","2023-10-31","2023-11-07","2023-11-14","2023-11-21","2023-11-28","2023-12-05","2023-12-12","2023-12-19","2023-12-26","2023-01-02"]
["Student ID",70210163,70220104,80220026,90220224,110210133,150220335,10210447,10220168,10220536,10230556,30220127,40220006,40220527,null,"Exp. 1\nL2 F1",null,"Exp. 2\nL2 F4",null,"Exp. 3\nL2 F5",null,"Exp. 4\nL2 F1",null,"Exp. 5\nL2 F4",null,"Exp. 6\nL2 F5"]
[null,70210727,70220270,80230712,90220230,140210004,150230981,10210506,10220407,10220557,30220011,30220174,40220050]
[null,70220083,80210029,90220223,110190059,150220323,150230982,10220036,10220408,10230514,30220088,30230011,40220217,50220407]
[]
["SET",1,2,3,4,5,6,7,8,9,10,11,12,13,"2023-10-17","2023-10-24","2023-10-31","2023-11-07","2023-11-14","2023-11-21","2023-11-28","2023-12-05","2023-12-12","2023-12-19","2023-12-26","2023-01-02"]
["Student ID",40220238,40220437,40220644,40230056,50220047,50220425,60220011,60230749,70230202,70230919,90220781,110210255,110220264,"Exp. 2\nL2 F4",null,"Exp. 3\nL2 F5",null,"Exp. 1\nL2 F1",null,"Exp. 5\nL2 F4",null,"Exp. 6\nL2 F5",null,"Exp. 4\nL2 F1"]
[null,40220337,40220517,40220709,50210109,50220057,50230746,60220231,70220021,70230317,80220007,90230213,110220144,110230162]
[null,40220435,40220537,40220726,50220027,50220341,60210331,60230120,70220300,70230727,90220259,90230236,110220222]
[]
["SET",1,2,3,4,5,6,7,8,9,10,11,12,13,"2023-10-17","2023-10-24","2023-10-31","2023-11-07","2023-11-14","2023-11-21","2023-11-28","2023-12-05","2023-12-12","2023-12-19","2023-12-26","2023-01-02"]
["Student ID",150220334,10220427,10220541,10220563,30220146,40210618,40220211,40220325,40220441,40220652,40230978,50220008,null,null,"Exp. 2\nL2 F4",null,"Exp. 3\nL2 F5",null,"Exp. 1\nL2 F1",null,"Exp. 5\nL2 F4",null,"Exp. 6\nL2 F5",null,"Exp. 4\nL2 F1"]
[null,10220222,10220533,10220550,30220080,30230021,40220021,40220213,40220326,40220539,40230043,50210044,50220117]
[null,10220317,10220537,10220556,30220119,40210315,40220056,40220306,40220377,40220542,40230340,50210458,50220129]
[]
["SET",1,2,3,4,5,6,7,8,9,10,11,12,13,"2023-10-17","2023-10-24","2023-10-31","2023-11-07","2023-11-14","2023-11-21","2023-11-28","2023-12-05","2023-12-12","2023-12-19","2023-12-26","2023-01-02"]
["Student ID",50220313,60220008,60220205,70220298,70230308,80220055,90230259,10220059,10220372,10220458,10220567,10230721,30220123,"Exp. 3\nL2 F5",null,"Exp. 1\nL2 F1",null,"Exp. 2\nL2 F4",null,"Exp. 6\nL2 F5",null,"Exp. 4\nL2 F1",null,"Exp. 5\nL2 F4"]
[null,50220405,60220026,60230001,70220726,70230743,80220072,110220157,10220221,10220403,10220543,10230011,10230728,40210805]
[null,50220437,60220159,70220133,70230305,80220025,90220217,10210501,10220327,10220447,10220564,10230206,30220023]
[]
["SET",1,2,3,4,5,6,7,8,9,10,11,12,13,"2023-10-17","2023-10-24","2023-10-31","2023-11-07","2023-11-14","2023-11-21","2023-11-28","2023-12-05","2023-12-12","2023-12-19","2023-12-26","2023-01-02"]
["Student ID",40220009,40220229,40220608,40230749,60220227,60220719,70220158,70220236,70230306,80220125,110220034,110220155,110220023,null,"Exp. 3\nL2 F5",null,"Exp. 1\nL2 F1",null,"Exp. 2\nL2 F4",null,"Exp. 6\nL2 F5",null,"Exp. 4\nL2 F1",null,"Exp. 5\nL2 F4"]
[null,40220014,40220231,40220610,50210320,60220310,60230722,70220201,70220245,80210066,80220160,110220052,110220208,90220242]
[null,40220227,40220259,40220744,50220415,60220311,60230747,70220228,70220260,80220059,110220009,110220115,150220339]
[]
[]
[null,"Exp 1:","Basic Measurements and Physical Pendulum",null,null,null,null,null,"Exp 3:","Motion with Constant Acceleration",null,null,null,null,null,null,"Exp. 5 :",null,"Moment of Inertia"]
[null,"Exp 2:","Projectile Motion and Elastic Collision",null,null,null,null,null,"Exp 4:","Centripetal Acceleration",null,null,null,null,null,null,"Exp. 6 :",null,"Simple Harmonic Motion"]

{"sheet":"4A","index":8,"n_rows":36,"n_cols":26,"rows_kept":36,"cut":false,"hidden":false,"merged":[[0,0,0,25],[4,0,7,0],[4,14,7,14],[4,15,7,15],[4,16,7,16],[4,17,7,17],[4,18,7,18],[4,19,7,19],[4,20,7,20],[4,21,7,21],[4,22,7,22],[4,23,7,23],[4,24,7,24],[4,25,7,25],[9,0,12,0],[9,14,12,14],[9,15,12,15],[9,16,12,16],[9,17,12,17],[9,18,12,18],[9,25,12,25],[14,0,17,0],[14,14,17,14],[14,15,17,15],[14,16,17,16],[14,17,17,17],[14,18,17,18],[14,19,17,19],[14,20,17,20],[14,21,17,21],[9,19,12,19],[9,20,12,20],[9,21,12,21],[9,22,12,22],[9,23,12,23],[9,24,12,24],[14,22,17,22],[14,23,17,23],[14,24,17,24],[14,25,17,25],[19,0,22,0],[19,14,22,14],[19,15,22,15],[19,16,22,16],[19,17,22,17],[19,18,22,18],[19,25,22,25],[24,0,27,0],[24,14,27,14],[24,15,27,15],[24,16,27,16],[24,17,27,17],[24,18,27,18],[24,19,27,19],[24,20,27,20],[24,21,27,21],[19,19,22,19],[19,20,22,20],[19,21,22,21],[19,22,22,22],[19,23,22,23],[19,24,22,24],[24,22,27,22],[24,23,27,23],[24,24,27,24],[24,25,27,25],[29,0,32,0],[29,14,32,14],[29,15,32,15],[29,16,32,16],[29,17,32,17],[35,2,35,7],[35,9,35,15],[35,16,35,17],[35,18,35,23],[29,19,32,19],[29,20,32,20],[29,21,32,21],[29,22,32,22],[29,23,32,23],[29,25,32,25],[34,2,34,7],[34,9,34,15],[34,16,34,17],[34,18,34,23],[29,24,32,24],[29,18,32,18]]}
["2023-2024 FALL - FIZ 101EL LABORATORY LIST"]
[null,null,null,"Laboratory Section : ","Perşembe",null,"0930/1129",null,null,null,null,null,null,null,null,null,"CRN :",10467,null,10468,null,10470,null,10471]
[null,null,null,"Laboratory Asistant : ","Ömer Güleryüz"]
["SET",1,2,3,4,5,6,7,8,9,10,11,12,13,"2023-10-19","2023-10-26","2023-11-02","2023-11-09","2023-11-16","2023-11-23","2023-11-30","2023-12-07","2023-12-14","2023-12-21","2023-12-28","2023-01-04"]
["Student ID",10210042,10220136,10220515,10230943,40220222,40220643,50210256,50220216,50220438,60220208,50220206,null,null,"Exp. 1\nL2 F1",null,"Exp. 2\nL2 F4",null,"Exp. 3\nL2 F5",null,"Exp. 4\nL2 F1",null,"Exp. 5\nL2 F4",null,"Exp. 6\nL2 F5"]
[null,10210187,10220307,10230016,30210129,40220525,40230014,50210809,50220256,60210317,60230328]
[null,10220012,10220439,10230561,40210101,40220548,40230977,50220114,50220421,60220021,80210907]
[]
["SET",1,2,3,4,5,6,7,8,9,10,11,12,13,"2023-10-19","2023-10-26","2023-11-02","2023-11-09","2023-11-16","2023-11-23","2023-11-30","2023-12-07","2023-12-14","2023-12-21","2023-12-28","2023-01-04"]
["Student ID",80220030,90220211,90220342,90230774,110220041,10210429,10220315,10220945,10230735,40220093,40220431,null,null,null,"Exp. 1\nL2 F1",null,"Exp. 2\nL2 F4",null,"Exp. 3\nL2 F5",null,"Exp. 4\nL2 F1",null,"Exp. 5\nL2 F4",null,"Exp. 6\nL2 F5"]
[null,80220049,90220219,90230033,90230981,110220054,10220043,10220415,10230359,30160322,40220235]
[null,80220159,90220221,90230745,90230982,140220019,10220219,10220637,10230538,40210425,40220257]
[]
["SET",1,2,3,4,5,6,7,8,9,10,11,12,13,"2023-10-19","2023-10-26","2023-11-02","2023-11-09","2023-11-16","2023-11-23","2023-11-30","2023-12-07","2023-12-14","2023-12-21","2023-12-28","2023-01-04"]
["Student ID",40220446,50210242,50220128,60220061,70220304,80220141,90220225,90230205,110220046,110220267,null,null,null,"Exp. 2\nL2 F4",null,"Exp. 3\nL2 F5",null,"Exp. 1\nL2 F1",null,"Exp. 5\nL2 F4",null,"Exp. 6\nL2 F5",null,"Exp. 4\nL2 F1"]
[null,40220536,50220015,50220403,60220240,80220022,80220157,90220235,90230789,110220061,110220706]
[null,40230067,50220060,60130339,70220049,80220041,90140805,90220311,110220010,110220205,140220053]
[]
["SET",1,2,3,4,5,6,7,8,9,10,11,12,13,"2023-10-19","2023-10-26","2023-11-02","2023-11-09","2023-11-16","2023-11-23","2023-11-30","2023-12-07","2023-12-14","2023-12-21","2023-12-28","2023-01-04"]
["Student ID",10210121,10220301,10220348,10220520,30220040,40220045,40220603,50220040,60220201,60220326,null,null,null,null,"Exp. 2\nL2 F4",null,"Exp. 3\nL2 F5",null,"Exp. 1\nL2 F1",null,"Exp. 5\nL2 F4",null,"Exp. 6\nL2 F5",null,"Exp. 4\nL2 F1"]
[null,10220076,10220318,10220446,10220647,40210803,40220310,40230093,50220140,60220202,70220069]
[null,10220130,10220337,10220450,10230441,40220017,40220375,50210043,60220019,60220215,70220752]
[]
["SET",1,2,3,4,5,6,7,8,9,10,11,12,13,"2023-10-19","2023-10-26","2023-11-02","2023-11-09","2023-11-16","2023-11-23","2023-11-30","2023-12-07","2023-12-14","2023-12-21","2023-12-28","2023-01-04"]
["Student ID",70230162,70230307,90220030,90220350,110220036,140220040,10220154,10230310,30220167,40220359,40220522,null,null,"Exp. 3\nL2 F5",null,"Exp. 1\nL2 F1",null,"Exp. 2\nL2 F4",null,"Exp. 6\nL2 F5",null,"Exp. 4\nL2 F1",null,"Exp. 5\nL2 F4"]
[null,70230228,80220109,90220209,90230309,110220211,10210640,10220364,10230939,30220202,40220404,40220729]
[null,70230296,90220028,90220314,110210103,140220021,10220080,10220431,30220100,40220091,40220520]
[]
["SET",1,2,3,4,5,6,7,8,9,10,11,12,13,"2023-10-19","2023-10-26","2023-11-02","2023-11-09","2023-11-16","2023-11-23","2023-11-30","2023-12-07","2023-12-14","2023-12-21","2023-12-28","2023-01-04"]
["Student ID",50210113,50220009,50220232,60210327,70220005,70220155,80220134,90220050,90230752,110220265,null,null,null,null,"Exp. 3\nL2 F5",null,"Exp. 1\nL2 F1",null,"Exp. 2\nL2 F4",null,"Exp. 6\nL2 F5",null,"Exp. 4\nL2 F1",null,"Exp. 5\nL2 F4"]
[null,50210136,50220205,50220307,60220037,70220039,70220259,90220005,90220309,110220042,140220002]
[null,50210262,50220229,50220406,60230748,70220118,80220068,90220035,90230332,110220069,40220533]
[]
[]
[null,"Exp 1:","Basic Measurements and Physical Pendulum",null,null,null,null,null,"Exp 3:","Motion with Constant Acceleration",null,null,null,null,null,null,"Exp. 5 :",null,"Moment of Inertia"]
[null,"Exp 2:","Projectile Motion and Elastic Collision",null,null,null,null,null,"Exp 4:","Centripetal Acceleration",null,null,null,null,null,null,"Exp. 6 :",null,"Simple Harmonic Motion"]

{"sheet":"4B","index":9,"n_rows":36,"n_cols":26,"rows_kept":36,"cut":false,"hidden":false,"merged":[[0,0,0,25],[4,0,7,0],[4,14,7,14],[4,15,7,15],[4,16,7,16],[4,17,7,17],[4,18,7,18],[4,19,7,19],[4,20,7,20],[4,21,7,21],[4,22,7,22],[4,23,7,23],[4,24,7,24],[4,25,7,25],[9,0,12,0],[9,14,12,14],[9,15,12,15],[9,16,12,16],[9,17,12,17],[9,18,12,18],[9,25,12,25],[14,0,17,0],[14,14,17,14],[14,15,17,15],[14,16,17,16],[14,17,17,17],[14,18,17,18],[14,19,17,19],[14,20,17,20],[14,21,17,21],[9,19,12,19],[9,20,12,20],[9,21,12,21],[9,22,12,22],[9,23,12,23],[9,24,12,24],[14,22,17,22],[14,23,17,23],[14,24,17,24],[14,25,17,25],[19,0,22,0],[19,14,22,14],[19,15,22,15],[19,16,22,16],[19,17,22,17],[19,18,22,18],[19,25,22,25],[24,0,27,0],[24,14,27,14],[24,15,27,15],[24,16,27,16],[24,17,27,17],[24,18,27,18],[24,19,27,19],[24,20,27,20],[24,21,27,21],[19,19,22,19],[19,20,22,20],[19,21,22,21],[19,22,22,22],[19,23,22,23],[19,24,22,24],[24,22,27,22],[24,23,27,23],[24,24,27,24],[24,25,27,25],[29,0,32,0],[29,14,32,14],[29,15,32,15],[29,16,32,16],[29,17,32,17],[35,2,35,7],[35,9,35,15],[35,16,35,17],[35,18,35,23],[29,19,32,19],[29,20,32,20],[29,21,32,21],[29,22,32,22],[29,23,32,23],[29,25,32,25],[34,2,34,7],[34,9,34,15],[34,16,34,17],[34,18,34,23],[29,24,32,24],[29,18,32,18]]}
["2023-2024 FALL - FIZ 101EL LABORATORY LIST"]
[null,null,null,"Laboratory Section : ","Perşembe",null,"1130/1329",null,null,null,null,null,null,null,null,null,"CRN :",10474,null,10476,null,10477,null,10478]
[null,null,null,"Laboratory Asistant : ","İlayda Bulunur"]
["SET",1,2,3,4,5,6,7,8,9,10,11,12,13,"2023-10-19","2023-10-26","2023-11-02","2023-11-09","2023-11-16","2023-11-23","2023-11-30","2023-12-07","2023-12-14","2023-12-21","2023-12-28","2023-01-04"]
["Student ID",10170416,10220054,10220357,10220642,30210181,30220122,40220220,40230747,50210450,50220439,60220301,70220217,70230726,"Exp. 1\nL2 F1",null,"Exp. 2\nL2 F4",null,"Exp. 3\nL2 F5",null,"Exp. 4\nL2 F1",null,"Exp. 5\nL2 F4",null,"Exp. 6\nL2 F5"]
[null,10210545,10220087,10220554,10220925,30220060,40210431,40220620,50180026,50220319,60220048,70220035,70220313,70230735]
[null,10210655,10220346,10220630,30200104,30220073,40220005,40220751,50210030,50220323,60220207,70220161,70220729]
[]
["SET",1,2,3,4,5,6,7,8,9,10,11,12,13,"2023-10-19","2023-10-26","2023-11-02","2023-11-09","2023-11-16","2023-11-23","2023-11-30","2023-12-07","2023-12-14","2023-12-21","2023-12-28","2023-01-04"]
["Student ID",80210139,90220202,90220737,110210801,110220055,140220001,10210064,10210611,10220132,10220142,10220534,30220109,null,null,"Exp. 1\nL2 F1",null,"Exp. 2\nL2 F4",null,"Exp. 3\nL2 F5",null,"Exp. 4\nL2 F1",null,"Exp. 5\nL2 F4",null,"Exp. 6\nL2 F5"]
[null,80220071,90220304,110210049,110220027,110220062,140220013,10210128,10210626,10220134,10220305,10220620,30220152]
[null,80230705,90220731,110210273,110220044,110220145,140220034,10210341,10210649,10220137,10220443,10220643,30220181]
[]
["SET",1,2,3,4,5,6,7,8,9,10,11,12,13,"2023-10-19","2023-10-26","2023-11-02","2023-11-09","2023-11-16","2023-11-23","2023-11-30","2023-12-07","2023-12-14","2023-12-21","2023-12-28","2023-01-04"]
["Student ID",30220918,40220397,40230707,50220031,60220059,70220151,80220048,90220043,90220729,90230737,110220053,110220132,140220059,"Exp. 2\nL2 F4",null,"Exp. 3\nL2 F5",null,"Exp. 1\nL2 F1",null,"Exp. 5\nL2 F4",null,"Exp. 6\nL2 F5",null,"Exp. 4\nL2 F1"]
[null,40220072,40220521,40230902,50220417,60220353,80210027,80220108,90220340,90230238,90230742,110220067,110220201,10220066]
[null,40220112,40220540,50210451,60210811,70220079,80220042,90210359,90220345,90230255,90230751,110220110,110220244,30220035]
[]
["SET",1,2,3,4,5,6,7,8,9,10,11,12,13,"2023-10-19","2023-10-26","2023-11-02","2023-11-09","2023-11-16","2023-11-23","2023-11-30","2023-12-07","2023-12-14","2023-12-21","2023-12-28","2023-01-04"]
["Student ID",10220245,10220570,30210203,30220131,40220559,40230429,50220029,60220044,60230349,70220288,80220029,80220104,null,null,"Exp. 2\nL2 F4",null,"Exp. 3\nL2 F5",null,"Exp. 1\nL2 F1",null,"Exp. 5\nL2 F4",null,"Exp. 6\nL2 F5",null,"Exp. 4\nL2 F1"]
[null,10220313,10220649,30220033,40210549,40220560,40230729,50220416,60220212,70220060,70230757,80220034,80220112]
[null,10220369,10230764,30220059,40220003,40230330,40230946,50220732,60230322,70220271,80220010,80220057,80220143]
[]
["SET",1,2,3,4,5,6,7,8,9,10,11,12,13,"2023-10-19","2023-10-26","2023-11-02","2023-11-09","2023-11-16","2023-11-23","2023-11-30","2023-12-07","2023-12-14","2023-12-21","2023-12-28","2023-01-04"]
["Student ID",90210310,90220312,90230747,110220015,110230733,140210039,10220004,10220456,null,30220061,40210909,40220248,40220383,"Exp. 3\nL2 F5",null,"Exp. 1\nL2 F1",null,"Exp. 2\nL2 F4",null,"Exp. 6\nL2 F5",null,"Exp. 4\nL2 F1",null,"Exp. 5\nL2 F4"]
[null,90220232,90220313,110210270,110220049,110230734,140220701,10220021,10220605,10230326,30220148,40220037,40220363,40220386]
[null,90220310,90230318,110220012,110220070,140210005,140230710,10220055,10220654,10230762,40210640,40220224,40220373]
[]
["SET",1,2,3,4,5,6,7,8,9,10,11,12,13,"2023-10-19","2023-10-26","2023-11-02","2023-11-09","2023-11-16","2023-11-23","2023-11-30","2023-12-07","2023-12-14","2023-12-21","2023-12-28","2023-01-04"]
["Student ID",40220411,40230311,50200150,50220109,70220129,80220144,90220308,90230302,90230750,110220021,110220250,150220336,40220250,null,"Exp. 3\nL2 F5",null,"Exp. 1\nL2 F1",null,"Exp. 2\nL2 F4",null,"Exp. 6\nL2 F5",null,"Exp. 4\nL2 F1",null,"Exp. 5\nL2 F4"]
[null,40220641,40230769,50210161,60220171,70220330,90220226,90220334,90230316,90230757,110220030,110220259,912310091,10220719]
[null,40230254,40230903,50210416,60220221,80220023,90220245,90220336,90230339,110220006,110220249,140220033,110220004]
[]
[]
[null,"Exp 1:","Basic Measurements and Physical Pendulum",null,null,null,null,null,"Exp 3:","Motion with Constant Acceleration",null,null,null,null,null,null,"Exp. 5 :",null,"Moment of Inertia"]
[null,"Exp 2:","Projectile Motion and Elastic Collision",null,null,null,null,null,"Exp 4:","Centripetal Acceleration",null,null,null,null,null,null,"Exp. 6 :",null,"Simple Harmonic Motion"]

{"sheet":"4C","index":10,"n_rows":36,"n_cols":26,"rows_kept":36,"cut":false,"hidden":false,"merged":[[0,0,0,25],[4,0,7,0],[4,14,7,14],[4,15,7,15],[4,16,7,16],[4,17,7,17],[4,18,7,18],[4,19,7,19],[4,20,7,20],[4,21,7,21],[4,22,7,22],[4,23,7,23],[4,24,7,24],[4,25,7,25],[9,0,12,0],[9,14,12,14],[9,15,12,15],[9,16,12,16],[9,17,12,17],[9,18,12,18],[9,25,12,25],[14,0,17,0],[14,14,17,14],[14,15,17,15],[14,16,17,16],[14,17,17,17],[14,18,17,18],[14,19,17,19],[14,20,17,20],[14,21,17,21],[9,19,12,19],[9,20,12,20],[9,21,12,21],[9,22,12,22],[9,23,12,23],[9,24,12,24],[14,22,17,22],[14,23,17,23],[14,24,17,24],[14,25,17,25],[19,0,22,0],[19,14,22,14],[19,15,22,15],[19,16,22,16],[19,17,22,17],[19,18,22,18],[19,25,22,25],[24,0,27,0],[24,14,27,14],[24,15,27,15],[24,16,27,16],[24,17,27,17],[24,18,27,18],[24,19,27,19],[24,20,27,20],[24,21,27,21],[19,19,22,19],[19,20,22,20],[19,21,22,21],[19,22,22,22],[19,23,22,23],[19,24,22,24],[24,22,27,22],[24,23,27,23],[24,24,27,24],[24,25,27,25],[29,0,32,0],[29,14,32,14],[29,15,32,15],[29,16,32,16],[29,17,32,17],[35,2,35,7],[35,9,35,15],[35,16,35,17],[35,18,35,23],[29,19,32,19],[29,20,32,20],[29,21,32,21],[29,22,32,22],[29,23,32,23],[29,25,32,25],[34,2,34,7],[34,9,34,15],[34,16,34,17],[34,18,34,23],[29,24,32,24],[29,18,32,18]]}
["2023-2024 FALL - FIZ 101EL LABORATORY LIST"]
[null,null,null,"Laboratory Section : ","Perşembe",null,"1330/1529",null,null,null,null,null,null,null,null,null,"CRN :",10480,null,10482,null,10483,null,10484,null,13689]
[null,null,null,"Laboratory Asistant : ","Azize Gömleksiz"]
["SET",1,2,3,4,5,6,7,8,9,10,11,12,13,"2023-10-19","2023-10-26","2023-11-02","2023-11-09","2023-11-16","2023-11-23","2023-11-30","2023-12-07","2023-12-14","2023-12-21","2023-12-28","2023-01-04"]
["Student ID",10180827,10230413,10230763,30220141,30230168,40220060,40220382,40230950,50210216,50230316,60220318,70220212,90230018,"Exp. 1\nL2 F1",null,"Exp. 2\nL2 F4",null,"Exp. 3\nL2 F5",null,"Exp. 4\nL2 F1",null,"Exp. 5\nL2 F4",null,"Exp. 6\nL2 F5"]
[null,10220015,10230605,30220025,30230070,30230907,40220225,40220803,40230976,50210339,50230714,60230017,70220249,110220152]
[null,10230230,10230748,30220090,30230157,40120101,40220302,40230030,50210140,50230015,60210053,60230213,70220281]
[]
["SET",1,2,3,4,5,6,7,8,9,10,11,12,13,"2023-10-19","2023-10-26","2023-11-02","2023-11-09","2023-11-16","2023-11-23","2023-11-30","2023-12-07","2023-12-14","2023-12-21","2023-12-28","2023-01-04"]
["Student ID",110220263,10210185,10220242,10230065,10230133,10230452,30230063,50230008,60220259,70220256,90220228,110220204,110230135,null,"Exp. 1\nL2 F1",null,"Exp. 2\nL2 F4",null,"Exp. 3\nL2 F5",null,"Exp. 4\nL2 F1",null,"Exp. 5\nL2 F4",null,"Exp. 6\nL2 F5"]
[null,110230702,10220008,10220611,10230066,10230408,10230738,40230633,50230036,60230715,70220263,90220243,110220260,110230147]
[null,150150152,10220124,10220619,10230080,10230422,30220028,50220336,50230725,60230750,90210232,110220131,110230015,50220010]
[null,null,null,null,null,null,null,null,null,null,null,null,null,80220111]
["SET",1,2,3,4,5,6,7,8,9,10,11,12,13,"2023-10-19","2023-10-26","2023-11-02","2023-11-09","2023-11-16","2023-11-23","2023-11-30","2023-12-07","2023-12-14","2023-12-21","2023-12-28","2023-01-04"]
["Student ID",110230158,150230093,10210615,10220126,10220652,10230048,10230757,30220190,40220629,50220035,50220329,null,70230299,"Exp. 2\nL2 F4",null,"Exp. 3\nL2 F5",null,"Exp. 1\nL2 F1",null,"Exp. 5\nL2 F4",null,"Exp. 6\nL2 F5",null,"Exp. 4\nL2 F1"]
[null,150220105,150230712,10220072,10220164,10220717,10230075,30220005,40220099,40230724,50220321,50230006,70230128,90220031]
[null,150230010,10210054,10220116,10220210,10220804,10230752,30220016,40220450,40230915,50220324,60210036,70230145]
[]
["SET",1,2,3,4,5,6,7,8,9,10,11,12,13,"2023-10-19","2023-10-26","2023-11-02","2023-11-09","2023-11-16","2023-11-23","2023-11-30","2023-12-07","2023-12-14","2023-12-21","2023-12-28","2023-01-04"]
["Student ID",110220252,150220012,150230717,10210240,10220123,10220304,10220658,40220451,50220223,50220342,60220140,70220233,70220292,null,"Exp. 2\nL2 F4",null,"Exp. 3\nL2 F5",null,"Exp. 1\nL2 F1",null,"Exp. 5\nL2 F4",null,"Exp. 6\nL2 F5",null,"Exp. 4\nL2 F1"]
[null,140220008,150220311,10210034,10220030,10220203,10220311,30220168,40220630,50220243,50220361,60220255,70220258,70230746]
[null,140220028,150230081,10210072,10220079,10220232,10220344,40220064,40230217,50220322,50220362,60220312,70220261,50190213]
[]
["SET",1,2,3,4,5,6,7,8,9,10,11,12,13,"2023-10-19","2023-10-26","2023-11-02","2023-11-09","2023-11-16","2023-11-23","2023-11-30","2023-12-07","2023-12-14","2023-12-21","2023-12-28","2023-01-04"]
["Student ID",80970029,110220138,110230214,820210201,820210219,820220207,820220235,820220249,820220318,820220342,820220505,820220515,820220535,"Exp. 3\nL2 F5",null,"Exp. 1\nL2 F1",null,"Exp. 2\nL2 F4",null,"Exp. 6\nL2 F5",null,"Exp. 4\nL2 F1",null,"Exp. 5\nL2 F4"]
[null,90220006,110220219,140220032,820210213,820210220,820220220,820220237,820220309,820220327,820220451,820220508,820220517,820220712]
[null,90220231,110220229,150220068,820210216,820220201,820220222,820220244,820220310,820220329,820220480,820220509,820220519]
[]
["SET",1,2,3,4,5,6,7,8,9,10,11,12,13,"2023-10-19","2023-10-26","2023-11-02","2023-11-09","2023-11-16","2023-11-23","2023-11-30","2023-12-07","2023-12-14","2023-12-21","2023-12-28","2023-01-04"]
["Student ID",820230207,820230212,820230227,820230306,820230319,820230328,820230452,820230460,820230490,820230509,820230525,820230708,820230763,null,"Exp. 3\nL2 F5",null,"Exp. 1\nL2 F1",null,"Exp. 2\nL2 F4",null,"Exp. 6\nL2 F5",null,"Exp. 4\nL2 F1",null,"Exp. 5\nL2 F4"]
[null,820230208,820230213,820230237,820230309,820230324,820230333,820230454,820230472,820230502,820230511,820230530,820230721,820230923]
[null,820230210,820230222,820230240,820230314,820230325,820230335,820230458,820230475,820230504,820230518,820230532,820230723,70220216]
[null,null,null,null,null,null,null,null,null,null,null,null,null,820210223]
[]
[null,"Exp 1:","Basic Measurements and Physical Pendulum",null,null,null,null,null,"Exp 3:","Motion with Constant Acceleration",null,null,null,null,null,null,"Exp. 5 :",null,"Moment of Inertia"]
[null,"Exp 2:","Projectile Motion and Elastic Collision",null,null,null,null,null,"Exp 4:","Centripetal Acceleration",null,null,null,null,null,null,"Exp. 6 :",null,"Simple Harmonic Motion"]

{"sheet":"4D","index":11,"n_rows":36,"n_cols":26,"rows_kept":36,"cut":false,"hidden":false,"merged":[[0,0,0,25],[4,0,7,0],[4,14,7,14],[4,15,7,15],[4,16,7,16],[4,17,7,17],[4,18,7,18],[4,19,7,19],[4,20,7,20],[4,21,7,21],[4,22,7,22],[4,23,7,23],[4,24,7,24],[4,25,7,25],[9,0,12,0],[9,14,12,14],[9,15,12,15],[9,16,12,16],[9,17,12,17],[9,18,12,18],[9,25,12,25],[14,0,17,0],[14,14,17,14],[14,15,17,15],[14,16,17,16],[14,17,17,17],[14,18,17,18],[14,19,17,19],[14,20,17,20],[14,21,17,21],[9,19,12,19],[9,20,12,20],[9,21,12,21],[9,22,12,22],[9,23,12,23],[9,24,12,24],[14,22,17,22],[14,23,17,23],[14,24,17,24],[14,25,17,25],[19,0,22,0],[19,14,22,14],[19,15,22,15],[19,16,22,16],[19,17,22,17],[19,18,22,18],[19,25,22,25],[24,0,27,0],[24,14,27,14],[24,15,27,15],[24,16,27,16],[24,17,27,17],[24,18,27,18],[24,19,27,19],[24,20,27,20],[24,21,27,21],[19,19,22,19],[19,20,22,20],[19,21,22,21],[19,22,22,22],[19,23,22,23],[19,24,22,24],[24,22,27,22],[24,23,27,23],[24,24,27,24],[24,25,27,25],[29,0,32,0],[29,14,32,14],[29,15,32,15],[29,16,32,16],[29,17,32,17],[35,2,35,7],[35,9,35,15],[35,16,35,17],[35,18,35,23],[29,19,32,19],[29,20,32,20],[29,21,32,21],[29,22,32,22],[29,23,32,23],[29,25,32,25],[34,2,34,7],[34,9,34,15],[34,16,34,17],[34,18,34,23],[29,24,32,24],[29,18,32,18]]}
["2023-2024 FALL - FIZ 101EL LABORATORY LIST"]
[null,null,null,"Laboratory Section : ","Perşembe",null,"1530/1729",null,null,null,null,null,null,null,null,null,"CRN :",10487,null,10488,null,10490,null,10491,null,15188]
[null,null,null,"Laboratory Asistant : ","Burcu Öztürk"]
["SET",1,2,3,4,5,6,7,8,9,10,11,12,13,null,"2023-10-26","2023-11-02","2023-11-09","2023-11-16","2023-11-23","2023-11-30","2023-12-07","2023-12-14","2023-12-21","2023-12-28","2023-01-04"]
["Student ID",10170432,10210139,10220115,10220650,10230720,40220320,50210139,60220110,70220004,70230139,80220031,80230151,140210015,"Exp. 1\nL2 F1",null,"Exp. 2\nL2 F4",null,"Exp. 3\nL2 F5",null,"Exp. 4\nL2 F1",null,"Exp. 5\nL2 F4",null,"Exp. 6\nL2 F5"]
[null,10210026,10210342,10220181,10230150,10230760,40230433,50210807,60220182,70220204,80210052,80230102,90230240,140220041]
[null,10210065,10220039,10220624,10230218,30230707,40230525,50220125,60220355,70220252,80210157,80230126,90230260]
[]
["SET",1,2,3,4,5,6,7,8,9,10,11,12,13,"2023-10-19","2023-10-26","2023-11-02","2023-11-09","2023-11-16","2023-11-23","2023-11-30","2023-12-07","2023-12-14","2023-12-21","2023-12-28","2023-01-04"]
["Student ID",140220046,10210011,10220128,10230345,40220353,50210413,50220148,50230217,60210363,60220250,60230050,70230251,null,null,"Exp. 1\nL2 F1",null,"Exp. 2\nL2 F4",null,"Exp. 3\nL2 F5",null,"Exp. 4\nL2 F1",null,"Exp. 5\nL2 F4",null,"Exp. 6\nL2 F5"]
[null,140220062,10210654,10220131,40210625,40230727,50220042,50220245,50230238,60220015,60220306,70220282,80220024]
[null,150220322,10220125,10220660,40220109,50210237,50220145,50220703,60210357,60220054,60220330,70230106,80220154]
[null,null,null,null,null,null,null,null,null,null,null,null,40220625]
["SET",1,2,3,4,5,6,7,8,9,10,11,12,13,"2023-10-19","2023-10-26","2023-11-02","2023-11-09","2023-11-16","2023-11-23","2023-11-30","2023-12-07","2023-12-14","2023-12-21","2023-12-28","2023-01-04"]
["Student ID",90220205,140220024,150220064,10220016,10220351,10220662,40220263,50210151,50220227,50230723,60220206,70220046,80220044,"Exp. 2\nL2 F4",null,"Exp. 3\nL2 F5",null,"Exp. 1\nL2 F1",null,"Exp. 5\nL2 F4",null,"Exp. 6\nL2 F5",null,"Exp. 4\nL2 F1"]
[null,90220264,140220026,150220112,10220184,10220449,30210016,40220401,50220202,50220250,60220127,60220234,70220238,80220061]
[null,140220003,150220050,150230927,10220329,10220648,30220705,40230240,50220212,50220350,60220163,70220034,70230292]
[]
["SET",1,2,3,4,5,6,7,8,9,10,11,12,13,"2023-10-19","2023-10-26","2023-11-02","2023-11-09","2023-11-16","2023-11-23","2023-11-30","2023-12-07","2023-12-14","2023-12-21","2023-12-28","2023-01-04"]
["Student ID",90220204,90220240,90230204,150220097,10210104,10220028,30220015,30220156,40220952,50220255,70220142,80220801,null,null,"Exp. 2\nL2 F4",null,"Exp. 3\nL2 F5",null,"Exp. 1\nL2 F1",null,"Exp. 5\nL2 F4",null,"Exp. 6\nL2 F5",null,"Exp. 4\nL2 F1"]
[null,90220212,90220263,140220038,150230015,10210319,10220633,30220053,30220204,40230905,50220351,70220205,90230245]
[null,90220237,90220265,150220036,150230084,10210343,10230438,30220085,40220345,50220242,60220153,70220293,140210017]
[]
["SET",1,2,3,4,5,6,7,8,9,10,11,12,13,"2023-10-19","2023-10-26","2023-11-02","2023-11-09","2023-11-16","2023-11-23","2023-11-30","2023-12-07","2023-12-14","2023-12-21","2023-12-28","2023-01-04"]
["Student ID",150220009,150220051,150220075,150220100,150220340,150230069,820210203,820210336,820210833,820220212,820220247,820220328,820220462,"Exp. 3\nL2 F5",null,"Exp. 1\nL2 F1",null,"Exp. 2\nL2 F4",null,"Exp. 6\nL2 F5",null,"Exp. 4\nL2 F1",null,"Exp. 5\nL2 F4"]
[null,150220013,150220058,150220076,150220324,150230030,150230914,820210217,820210514,820220113,820220240,820220252,820220332,820220464]
[null,150220047,150220062,150220088,150220327,150230046,820160224,820210318,820210830,820220123,820220241,820220325,820220457]
[]
["SET",1,2,3,4,5,6,7,8,9,10,11,12,13,"2023-10-19","2023-10-26","2023-11-02","2023-11-09","2023-11-16","2023-11-23","2023-11-30","2023-12-07","2023-12-14","2023-12-21","2023-12-28","2023-01-04"]
["Student ID",820220470,820220474,820220525,820220709,820230204,820230218,820230322,820230338,820230517,820230722,820230734,820230757,110210057,null,"Exp. 3\nL2 F5",null,"Exp. 1\nL2 F1",null,"Exp. 2\nL2 F4",null,"Exp. 6\nL2 F5",null,"Exp. 4\nL2 F1",null,"Exp. 5\nL2 F4"]
[null,820220471,820220475,820220526,820220727,820230209,820230229,820230329,820230481,820230526,820230726,820230735,820230760,90220052]
[null,820220473,820220518,820220531,820230201,820230217,820230320,820230330,820230507,820230707,820230727,820230736,10220601]
[]
[]
[null,"Exp 1:","Basic Measurements and Physical Pendulum",null,null,null,null,null,"Exp 3:","Motion with Constant Acceleration",null,null,null,null,null,null,"Exp. 5 :",null,"Moment of Inertia"]
[null,"Exp 2:","Projectile Motion and Elastic Collision",null,null,null,null,null,"Exp 4:","Centripetal Acceleration",null,null,null,null,null,null,"Exp. 6 :",null,"Simple Harmonic Motion"]

{"sheet":"5A","index":12,"n_rows":36,"n_cols":26,"rows_kept":36,"cut":false,"hidden":false,"merged":[[0,0,0,25],[4,0,7,0],[4,14,7,14],[4,15,7,15],[4,16,7,16],[4,17,7,17],[4,18,7,18],[4,19,7,19],[4,20,7,20],[4,21,7,21],[4,22,7,22],[4,23,7,23],[4,24,7,24],[4,25,7,25],[9,0,12,0],[9,14,12,14],[9,15,12,15],[9,16,12,16],[9,17,12,17],[9,18,12,18],[9,25,12,25],[14,0,17,0],[14,14,17,14],[14,15,17,15],[14,16,17,16],[14,17,17,17],[14,18,17,18],[14,19,17,19],[14,20,17,20],[14,21,17,21],[9,19,12,19],[9,20,12,20],[9,21,12,21],[9,22,12,22],[9,23,12,23],[9,24,12,24],[14,22,17,22],[14,23,17,23],[14,24,17,24],[14,25,17,25],[19,0,22,0],[19,14,22,14],[19,15,22,15],[19,16,22,16],[19,17,22,17],[19,18,22,18],[19,25,22,25],[24,0,27,0],[24,14,27,14],[24,15,27,15],[24,16,27,16],[24,17,27,17],[24,18,27,18],[24,19,27,19],[24,20,27,20],[24,21,27,21],[19,19,22,19],[19,20,22,20],[19,21,22,21],[19,22,22,22],[19,23,22,23],[19,24,22,24],[24,22,27,22],[24,23,27,23],[24,24,27,24],[24,25,27,25],[29,0,32,0],[29,14,32,14],[29,15,32,15],[29,16,32,16],[29,17,32,17],[35,2,35,7],[35,9,35,15],[35,16,35,17],[35,18,35,23],[29,19,32,19],[29,20,32,20],[29,21,32,21],[29,22,32,22],[29,23,32,23],[29,25,32,25],[34,2,34,7],[34,9,34,15],[34,16,34,17],[34,18,34,23],[29,24,32,24],[29,18,32,18]]}
["2023-2024 FALL - FIZ 101EL LABORATORY LIST"]
[null,null,null,"Laboratory Section : ","Cuma",null,"0830/1029",null,null,null,null,null,null,null,null,null,"CRN :",10416,null,10417,null,10419,null,10420,null,13687]
[null,null,null,"Laboratory Asistant : ","Çağatay Okyay"]
["SET",1,2,3,4,5,6,7,8,9,10,11,12,13,"2023-10-20","2023-10-27","2023-11-03","2023-11-10","2023-11-17","2023-11-24","2023-12-01","2023-12-08","2023-12-15","2023-12-22","2023-12-29","2023-01-05"]
["Student ID",10200806,10210530,10220441,30220002,40220054,40220349,40220634,50220043,50220912,60220051,80210802,90200908,null,"Exp. 1\nL2 F1",null,"Exp. 2\nL2 F4",null,"Exp. 3\nL2 F5",null,"Exp. 4\nL2 F1",null,"Exp. 5\nL2 F4",null,"Exp. 6\nL2 F5"]
[null,10210067,10220206,30210054,30220071,40220331,40220402,40230997,50220136,60210349,60220333,80220713,90210025]
[null,10210334,10220246,30210167,40220004,40220343,40220621,50210421,50220141,60210809,70220272,80230722]
[]
["SET",1,2,3,4,5,6,7,8,9,10,11,12,13,"2023-10-20","2023-10-27","2023-11-03","2023-11-10","2023-11-17","2023-11-24","2023-12-01","2023-12-08","2023-12-15","2023-12-22","2023-12-29","2023-01-05"]
["Student ID",90220344,110220017,110220154,150220018,10220227,10220425,40220096,40220434,50200109,50220044,60210302,70220152,null,null,"Exp. 1\nL2 F1",null,"Exp. 2\nL2 F4",null,"Exp. 3\nL2 F5",null,"Exp. 4\nL2 F1",null,"Exp. 5\nL2 F4",null,"Exp. 6\nL2 F5"]
[null,90220354,110220035,140210910,10210108,10220342,30220199,40220260,40220448,50210406,50220330,60220125,70220302]
[null,110220003,110220147,140230703,10210144,10220423,40210641,40220405,40220718,50210430,50220345,60220219,50220164]
[]
["SET",1,2,3,4,5,6,7,8,9,10,11,12,13,"2023-10-20","2023-10-27","2023-11-03","2023-11-10","2023-11-17","2023-11-24","2023-12-01","2023-12-08","2023-12-15","2023-12-22","2023-12-29","2023-01-05"]
["Student ID",70220310,90220022,90220271,110220058,140220030,10210660,30200050,30230049,40220034,50220126,50230112,60220002,null,"Exp. 2\nL2 F4",null,"Exp. 3\nL2 F5",null,"Exp. 1\nL2 F1",null,"Exp. 5\nL2 F4",null,"Exp. 6\nL2 F5",null,"Exp. 4\nL2 F1"]
[null,90210262,90220029,90220331,110220064,150220077,10220339,30210065,30230072,50210411,50220451,50230743,60220309]
[null,90210338,90220244,90220357,110220270,150220935,10230324,30220004,30230704,50220051,50220802,60210247]
[]
["SET",1,2,3,4,5,6,7,8,9,10,11,12,13,"2023-10-20","2023-10-27","2023-11-03","2023-11-10","2023-11-17","2023-11-24","2023-12-01","2023-12-08","2023-12-15","2023-12-22","2023-12-29","2023-01-05"]
["Student ID",60220360,70220209,90210350,90220303,110220711,140220020,150220933,10220144,10220306,10220514,10220617,10230235,null,null,"Exp. 2\nL2 F4",null,"Exp. 3\nL2 F5",null,"Exp. 1\nL2 F1",null,"Exp. 5\nL2 F4",null,"Exp. 6\nL2 F5",null,"Exp. 4\nL2 F1"]
[null,70200764,80190901,90220218,90230775,110230906,140220035,10220081,10220166,10220426,10220517,10230007,10230442]
[null,70220009,80210132,90220233,110220243,140220018,140230901,10220140,10220260,10220510,10220539,10230009,10230354]
[]
["SET",1,2,3,4,5,6,7,8,9,10,11,12,13,"2023-10-20","2023-10-27","2023-11-03","2023-11-10","2023-11-17","2023-11-24","2023-12-01","2023-12-08","2023-12-15","2023-12-22","2023-12-29","2023-01-05"]
["Student ID",10230709,30230703,40230914,50220134,70220127,80220036,90220323,90220355,150220005,820220216,820220248,820220338,null,"Exp. 3\nL2 F5",null,"Exp. 1\nL2 F1",null,"Exp. 2\nL2 F4",null,"Exp. 6\nL2 F5",null,"Exp. 4\nL2 F1",null,"Exp. 5\nL2 F4"]
[null,30210188,40220413,50210802,60220358,70220156,90210801,90220325,90230341,150220048,820220232,820220336,820220339]
[null,30230016,40220627,50210803,70220031,70220728,90220255,90220353,140220050,820200809,820220245,820220337]
[]
["SET",1,2,3,4,5,6,7,8,9,10,11,12,13,"2023-10-20","2023-10-27","2023-11-03","2023-11-10","2023-11-17","2023-11-24","2023-12-01","2023-12-08","2023-12-15","2023-12-22","2023-12-29","2023-01-05"]
["Student ID",820220340,820220527,820230301,820230310,820230321,820230334,820230340,820230463,820230487,820230516,820230524,820230711,null,null,"Exp. 3\nL2 F5",null,"Exp. 1\nL2 F1",null,"Exp. 2\nL2 F4",null,"Exp. 6\nL2 F5",null,"Exp. 4\nL2 F1",null,"Exp. 5\nL2 F4"]
[null,820220465,820230003,820230304,820230311,820230326,820230336,820230456,820230473,820230489,820230519,820230529,820230767]
[null,820220501,820230224,820230308,820230313,820230331,820230339,820230457,820230474,820230514,820230522,820230531]
[]
[]
[null,"Exp 1:","Basic Measurements and Physical Pendulum",null,null,null,null,null,"Exp 3:","Motion with Constant Acceleration",null,null,null,null,null,null,"Exp. 5 :",null,"Moment of Inertia"]
[null,"Exp 2:","Projectile Motion and Elastic Collision",null,null,null,null,null,"Exp 4:","Centripetal Acceleration",null,null,null,null,null,null,"Exp. 6 :",null,"Simple Harmonic Motion"]

{"sheet":"5B","index":13,"n_rows":36,"n_cols":26,"rows_kept":36,"cut":false,"hidden":false,"merged":[[0,0,0,25],[4,0,7,0],[4,14,7,14],[4,15,7,15],[4,16,7,16],[4,17,7,17],[4,18,7,18],[4,19,7,19],[4,20,7,20],[4,21,7,21],[4,22,7,22],[4,23,7,23],[4,24,7,24],[4,25,7,25],[9,0,12,0],[9,14,12,14],[9,15,12,15],[9,16,12,16],[9,17,12,17],[9,18,12,18],[9,25,12,25],[14,0,17,0],[14,14,17,14],[14,15,17,15],[14,16,17,16],[14,17,17,17],[14,18,17,18],[14,19,17,19],[14,20,17,20],[14,21,17,21],[9,19,12,19],[9,20,12,20],[9,21,12,21],[9,22,12,22],[9,23,12,23],[9,24,12,24],[14,22,17,22],[14,23,17,23],[14,24,17,24],[14,25,17,25],[19,0,22,0],[19,14,22,14],[19,15,22,15],[19,16,22,16],[19,17,22,17],[19,18,22,18],[19,25,22,25],[24,0,27,0],[24,14,27,14],[24,15,27,15],[24,16,27,16],[24,17,27,17],[24,18,27,18],[24,19,27,19],[24,20,27,20],[24,21,27,21],[19,19,22,19],[19,20,22,20],[19,21,22,21],[19,22,22,22],[19,23,22,23],[19,24,22,24],[24,22,27,22],[24,23,27,23],[24,24,27,24],[24,25,27,25],[29,0,32,0],[29,14,32,14],[29,15,32,15],[29,16,32,16],[29,17,32,17],[35,2,35,7],[35,9,35,15],[35,16,35,17],[35,18,35,23],[29,19,32,19],[29,20,32,20],[29,21,32,21],[29,22,32,22],[29,23,32,23],[29,25,32,25],[34,2,34,7],[34,9,34,15],[34,16,34,17],[34,18,34,23],[29,24,32,24],[29,18,32,18]]}
["2023-2024 FALL - FIZ 101EL LABORATORY LIST"]
[null,null,null,"Laboratory Section : ","Cuma",null,"1030/1229",null,null,null,null,null,null,null,null,null,"CRN :",10521,null,10522,null,10524,null,10525,null,13688]
[null,null,null,"Laboratory Asistant : ","Cihad Kıbrıs"]
["SET",1,2,3,4,5,6,7,8,9,10,11,12,13,"2023-10-20","2023-10-27","2023-11-03","2023-11-10","2023-11-17","2023-11-24","2023-12-01","2023-12-08","2023-12-15","2023-12-22","2023-12-29","2023-01-05"]
["Student ID",10210022,10220309,40190231,40220444,40230951,50220704,60220213,60220258,70210164,70220131,70220163,80220020,90230724,"Exp. 1\nL2 F1",null,"Exp. 2\nL2 F4",null,"Exp. 3\nL2 F5",null,"Exp. 4\nL2 F1",null,"Exp. 5\nL2 F4",null,"Exp. 6\nL2 F5"]
[null,10210173,10220502,40220052,40220526,50220115,60210912,60220253,60220321,70220010,70220145,70220278,90210033,110210807]
[null,10210814,30220020,40220336,40220628,50220358,60220018,60220257,60220362,70220037,70220159,80210034,90220040,110220005]
[]
["SET",1,2,3,4,5,6,7,8,9,10,11,12,13,"2023-10-20","2023-10-27","2023-11-03","2023-11-10","2023-11-17","2023-11-24","2023-12-01","2023-12-08","2023-12-15","2023-12-22","2023-12-29","2023-01-05"]
["Student ID",110220040,140220061,10210179,10220152,10220455,10230716,40230216,50220001,50220150,50230127,50230918,60220038,null,null,"Exp. 1\nL2 F1",null,"Exp. 2\nL2 F4",null,"Exp. 3\nL2 F5",null,"Exp. 4\nL2 F1",null,"Exp. 5\nL2 F4",null,"Exp. 6\nL2 F5"]
[null,110220719,150210804,10210522,10220303,10220516,10930605,40230426,50220030,50220424,50230323,60190362,60220142]
[null,140220039,150220034,10220022,10220328,10220640,40230010,50190418,50220106,50220441,50230916,60220012,60220237]
[]
["SET",1,2,3,4,5,6,7,8,9,10,11,12,13,"2023-10-20","2023-10-27","2023-11-03","2023-11-10","2023-11-17","2023-11-24","2023-12-01","2023-12-08","2023-12-15","2023-12-22","2023-12-29","2023-01-05"]
["Student ID",60220303,80230723,90220249,140200014,150200040,10210088,10210547,10220145,10220401,10220623,30220030,30230143,40220538,"Exp. 2\nL2 F4",null,"Exp. 3\nL2 F5",null,"Exp. 1\nL2 F1",null,"Exp. 5\nL2 F4",null,"Exp. 6\nL2 F5",null,"Exp. 4\nL2 F1"]
[null,70200315,90210060,110210122,140210063,150200077,10210125,10210617,10220157,10220421,10230631,30220111,40210429,50210046]
[null,80220145,90220201,110230103,140230046,150200081,10210540,10210634,10220176,10220535,10230730,30230020,40220531]
[]
["SET",1,2,3,4,5,6,7,8,9,10,11,12,13,"2023-10-20","2023-10-27","2023-11-03","2023-11-10","2023-11-17","2023-11-24","2023-12-01","2023-12-08","2023-12-15","2023-12-22","2023-12-29","2023-01-05"]
["Student ID",50210310,50220113,60220239,60740705,70230302,90210019,110220118,10220257,10220571,10220634,40220535,50210119,null,null,"Exp. 2\nL2 F4",null,"Exp. 3\nL2 F5",null,"Exp. 1\nL2 F1",null,"Exp. 5\nL2 F4",null,"Exp. 6\nL2 F5",null,"Exp. 4\nL2 F1"]
[null,50210417,50220419,60220351,70220121,80230719,110220051,110230117,10220413,10220618,30220089,40230083,50210141]
[null,50220045,60220203,60230101,70230256,80230721,110220116,150220083,10220540,10220626,40220323,40230767,50210153]
[]
["SET",1,2,3,4,5,6,7,8,9,10,11,12,13,"2023-10-20","2023-10-27","2023-11-03","2023-11-10","2023-11-17","2023-11-24","2023-12-01","2023-12-08","2023-12-15","2023-12-22","2023-12-29","2023-01-05"]
["Student ID",50210323,50220121,50220333,50220360,60210807,60220120,80230133,90230219,110220103,150220108,820220205,820220228,820220250,"Exp. 3\nL2 F5",null,"Exp. 1\nL2 F1",null,"Exp. 2\nL2 F4",null,"Exp. 6\nL2 F5",null,"Exp. 4\nL2 F1",null,"Exp. 5\nL2 F4"]
[null,50220017,50220144,50220346,50230345,60220025,60230205,90210017,110210257,140220056,820210526,820220217,820220236,820220251]
[null,50220049,50220151,50220348,60210224,60220052,70220266,90230016,110220102,150220090,820220203,820220223,820220238]
[]
["SET",1,2,3,4,5,6,7,8,9,10,11,12,13,"2023-10-20","2023-10-27","2023-11-03","2023-11-10","2023-11-17","2023-11-24","2023-12-01","2023-12-08","2023-12-15","2023-12-22","2023-12-29","2023-01-05"]
["Student ID",820220453,820220461,820220504,820220528,820230228,820230318,820230337,820230468,820230485,820230510,820230540,820230755,null,null,"Exp. 3\nL2 F5",null,"Exp. 1\nL2 F1",null,"Exp. 2\nL2 F4",null,"Exp. 6\nL2 F5",null,"Exp. 4\nL2 F1",null,"Exp. 5\nL2 F4"]
[null,820220455,820220469,820220510,820220529,820230236,820230327,820230453,820230477,820230486,820230527,820230737,820230759]
[null,820220459,820220478,820220516,820230221,820230305,820230332,820230466,820230482,820230503,820230528,820230753,90210033]
[null,null,null,null,null,null,null,null,null,null,null,null,820230775]
[]
[null,"Exp 1:","Basic Measurements and Physical Pendulum",null,null,null,null,null,"Exp 3:","Motion with Constant Acceleration",null,null,null,null,null,null,"Exp. 5 :",null,"Moment of Inertia"]
[null,"Exp 2:","Projectile Motion and Elastic Collision",null,null,null,null,null,"Exp 4:","Centripetal Acceleration",null,null,null,null,null,null,"Exp. 6 :",null,"Simple Harmonic Motion"]

{"sheet":"5C","index":14,"n_rows":36,"n_cols":26,"rows_kept":36,"cut":false,"hidden":false,"merged":[[0,0,0,25],[4,0,7,0],[4,14,7,14],[4,15,7,15],[4,16,7,16],[4,17,7,17],[4,18,7,18],[4,19,7,19],[4,20,7,20],[4,21,7,21],[4,22,7,22],[4,23,7,23],[4,24,7,24],[4,25,7,25],[9,0,12,0],[9,14,12,14],[9,15,12,15],[9,16,12,16],[9,17,12,17],[9,18,12,18],[9,25,12,25],[14,0,17,0],[14,14,17,14],[14,15,17,15],[14,16,17,16],[14,17,17,17],[14,18,17,18],[14,19,17,19],[14,20,17,20],[14,21,17,21],[9,19,12,19],[9,20,12,20],[9,21,12,21],[9,22,12,22],[9,23,12,23],[9,24,12,24],[14,22,17,22],[14,23,17,23],[14,24,17,24],[14,25,17,25],[19,0,22,0],[19,14,22,14],[19,15,22,15],[19,16,22,16],[19,17,22,17],[19,18,22,18],[19,25,22,25],[24,0,27,0],[24,14,27,14],[24,15,27,15],[24,16,27,16],[24,17,27,17],[24,18,27,18],[24,19,27,19],[24,20,27,20],[24,21,27,21],[19,19,22,19],[19,20,22,20],[19,21,22,21],[19,22,22,22],[19,23,22,23],[19,24,22,24],[24,22,27,22],[24,23,27,23],[24,24,27,24],[24,25,27,25],[29,0,32,0],[29,14,32,14],[29,15,32,15],[29,16,32,16],[29,17,32,17],[35,2,35,7],[35,9,35,15],[35,16,35,17],[35,18,35,23],[29,19,32,19],[29,20,32,20],[29,21,32,21],[29,22,32,22],[29,23,32,23],[29,25,32,25],[34,2,34,7],[34,9,34,15],[34,16,34,17],[34,18,34,23],[29,24,32,24],[29,18,32,18]]}
["2023-2024 FALL - FIZ 101EL LABORATORY LIST"]
[null,null,null,"Laboratory Section : ","Cuma",null,"1430/1629",null,null,null,null,null,null,null,null,null,"CRN :",10423,null,10424,null,10425,null,10426]
[null,null,null,"Laboratory Asistant : ","Cihad Kıbrıs"]
["SET",1,2,3,4,5,6,7,8,9,10,11,12,13,"2023-10-20","2023-10-27","2023-11-03","2023-11-10","2023-11-17","2023-11-24","2023-12-01","2023-12-08","2023-12-15","2023-12-22","2023-12-29","2023-01-05"]
["Student ID",10190811,10220101,10230772,30230111,30230162,40210627,40230732,50220204,60210152,60220105,null,null,null,"Exp. 1\nL2 F1",null,"Exp. 2\nL2 F4",null,"Exp. 3\nL2 F5",null,"Exp. 4\nL2 F1",null,"Exp. 5\nL2 F4",null,"Exp. 6\nL2 F5"]
[null,10210148,10230704,30190168,30230117,30230175,40220342,40230989,50230005,60210343,70180735]
[null,10210825,10230769,30220192,30230129,40210346,40230354,50190104,60210118,60210802,80210805]
[]
["SET",1,2,3,4,5,6,7,8,9,10,11,12,13,"2023-10-20","2023-10-27","2023-11-03","2023-11-10","2023-11-17","2023-11-24","2023-12-01","2023-12-08","2023-12-15","2023-12-22","2023-12-29","2023-01-05"]
["Student ID",80220045,90230045,110210262,140220042,150220342,10220053,10220505,10220555,10220659,10230954,40210801,null,null,null,"Exp. 1\nL2 F1",null,"Exp. 2\nL2 F4",null,"Exp. 3\nL2 F5",null,"Exp. 4\nL2 F1",null,"Exp. 5\nL2 F4",null,"Exp. 6\nL2 F5"]
[null,90220236,90230210,110220214,150220303,150230322,10220063,10220519,10220655,10220805,30220066]
[null,90230040,110210060,140170023,150220316,10210525,10220170,10220549,10220657,10230628,30220171]
[]
["SET",1,2,3,4,5,6,7,8,9,10,11,12,13,"2023-10-20","2023-10-27","2023-11-03","2023-11-10","2023-11-17","2023-11-24","2023-12-01","2023-12-08","2023-12-15","2023-12-22","2023-12-29","2023-01-05"]
["Student ID",40220368,40230029,50220434,60220046,60220149,60220305,60220359,80220038,110220223,150220015,null,null,null,"Exp. 2\nL2 F4",null,"Exp. 3\nL2 F5",null,"Exp. 1\nL2 F1",null,"Exp. 5\nL2 F4",null,"Exp. 6\nL2 F5",null,"Exp. 4\nL2 F1"]
[null,40220371,40230726,60210245,60220112,60220165,60220313,60230236,90220012,110220911,10210147]
[null,40220631,50220013,60220030,60220147,60220217,60220352,80210130,110220220,140220023,10210361]
[]
["SET",1,2,3,4,5,6,7,8,9,10,11,12,13,"2023-10-20","2023-10-27","2023-11-03","2023-11-10","2023-11-17","2023-11-24","2023-12-01","2023-12-08","2023-12-15","2023-12-22","2023-12-29","2023-01-05"]
["Student ID",10210644,10220354,10220558,30230077,40220094,50210361,50230423,60230137,80220120,110210219,null,null,null,null,"Exp. 2\nL2 F4",null,"Exp. 3\nL2 F5",null,"Exp. 1\nL2 F1",null,"Exp. 5\nL2 F4",null,"Exp. 6\nL2 F5",null,"Exp. 4\nL2 F1"]
[null,10220148,10220548,10220632,30230134,40230728,50220203,60220136,60230725,90220803,110210256]
[null,10220319,10220551,10220904,30230721,50210239,50220260,60230018,80210070,110210212,110210258]
[]
["SET",1,2,3,4,5,6,7,8,9,10,11,12,13,"2023-10-20","2023-10-27","2023-11-03","2023-11-10","2023-11-17","2023-11-24","2023-12-01","2023-12-08","2023-12-15","2023-12-22","2023-12-29","2023-01-05"]
["Student ID",110220037,110220216,110220258,110220269,150230921,10220256,30220130,40220048,40220519,50220006,null,null,null,"Exp. 3\nL2 F5",null,"Exp. 1\nL2 F1",null,"Exp. 2\nL2 F4",null,"Exp. 6\nL2 F5",null,"Exp. 4\nL2 F1",null,"Exp. 5\nL2 F4"]
[null,110220109,110220240,110220261,110220272,10220023,10220312,30220909,40220319,40230417,50220025]
[null,110220206,110220241,110220266,140210048,10220121,10220528,40210806,40220453,50210302,50220046]
[]
["SET",1,2,3,4,5,6,7,8,9,10,11,12,13,"2023-10-20","2023-10-27","2023-11-03","2023-11-10","2023-11-17","2023-11-24","2023-12-01","2023-12-08","2023-12-15","2023-12-22","2023-12-29","2023-01-05"]
["Student ID",50220058,50220442,60220341,70220336,80220142,90220026,110210260,110220038,150230328,150230719,10210109,null,null,null,"Exp. 3\nL2 F5",null,"Exp. 1\nL2 F1",null,"Exp. 2\nL2 F4",null,"Exp. 6\nL2 F5",null,"Exp. 4\nL2 F1",null,"Exp. 5\nL2 F4"]
[null,50220143,50220447,70220203,70230763,90210014,90220261,110210265,110220101,150230333,10220341,150220341]
[null,50220209,60220128,70220289,80220053,90210222,110210215,110210802,110230039,150230715,30220082,90220215]
[]
[]
[null,"Exp 1:","Basic Measurements and Physical Pendulum",null,null,null,null,null,"Exp 3:","Motion with Constant Acceleration",null,null,null,null,null,null,"Exp. 5 :",null,"Moment of Inertia"]
[null,"Exp 2:","Projectile Motion and Elastic Collision",null,null,null,null,null,"Exp 4:","Centripetal Acceleration",null,null,null,null,null,null,"Exp. 6 :",null,"Simple Harmonic Motion"]